<?xml version="1.0" encoding="UTF-8"?>
<collection xmlns="http://www.loc.gov/MARC21/slim">
<record>
  <controlfield tag="001">843041</controlfield>
  <controlfield tag="003">SzGeCERN</controlfield>
  <controlfield tag="005">20241107030140.0</controlfield>
  <datafield tag="024" ind1="8" ind2=" ">
    <subfield code="a">oai:cds.cern.ch:843041</subfield>
    <subfield code="p">cerncds:FULLTEXT</subfield>
    <subfield code="p">INIS</subfield>
  </datafield>
  <datafield tag="037" ind1=" " ind2=" ">
    <subfield code="a">LHC-PHO-1999-575</subfield>
  </datafield>
  <datafield tag="041" ind1=" " ind2=" ">
    <subfield code="a">eng</subfield>
  </datafield>
  <datafield tag="041" ind1=" " ind2=" ">
    <subfield code="a">fre</subfield>
  </datafield>
  <datafield tag="100" ind1=" " ind2=" ">
    <subfield code="a">Serge Dailler</subfield>
  </datafield>
  <datafield tag="245" ind1=" " ind2=" ">
    <subfield code="a">Making of the quadrupole at CEA.</subfield>
  </datafield>
  <datafield tag="246" ind1=" " ind2="1">
    <subfield code="a">Fabrication du quadripole chez CEA.</subfield>
  </datafield>
  <datafield tag="260" ind1=" " ind2=" ">
    <subfield code="c">1999</subfield>
  </datafield>
  <datafield tag="269" ind1=" " ind2=" ">
    <subfield code="c">Sep 1999</subfield>
  </datafield>
  <datafield tag="500" ind1=" " ind2=" ">
    <subfield code="a">AC Collection. Legacy of AC. Pictures from 1992 to 2002.</subfield>
  </datafield>
  <datafield tag="541" ind1=" " ind2=" ">
    <subfield code="e">SQ_MQ_21226 080999 psd</subfield>
  </datafield>
  <datafield tag="542" ind1=" " ind2=" ">
    <subfield code="d">CERN</subfield>
    <subfield code="g">1999</subfield>
  </datafield>
  <datafield tag="650" ind1="1" ind2="7">
    <subfield code="2">SzGeCERN</subfield>
    <subfield code="a">Civil engineering</subfield>
  </datafield>
  <datafield tag="653" ind1="1" ind2=" ">
    <subfield code="9">CERN</subfield>
    <subfield code="a">CEA</subfield>
  </datafield>
  <datafield tag="653" ind1="1" ind2=" ">
    <subfield code="9">CERN</subfield>
    <subfield code="a">Firms &amp; Institutes</subfield>
  </datafield>
  <datafield tag="653" ind1="1" ind2=" ">
    <subfield code="9">CERN</subfield>
    <subfield code="a">LHC machine</subfield>
  </datafield>
  <datafield tag="653" ind1="1" ind2=" ">
    <subfield code="9">CERN</subfield>
    <subfield code="a">Short Straight Section</subfield>
  </datafield>
  <datafield tag="693" ind1=" " ind2=" ">
    <subfield code="a">CERN LHC</subfield>
  </datafield>
  <datafield tag="856" ind1="4" ind2=" ">
    <subfield code="q">http://documents.cern.ch/cgi-bin/setlink?base=PHO&amp;categ=photo-lhc&amp;id=lhc-pho-1999-575</subfield>
    <subfield code="x">1</subfield>
    <subfield code="y">Access to the pictures</subfield>
  </datafield>
  <datafield tag="856" ind1="4" ind2=" ">
    <subfield code="q">http://documents.cern.ch/photo/photo-lhc/icon-lhc-pho-1999-575.gif</subfield>
    <subfield code="x">icon</subfield>
  </datafield>
  <datafield tag="856" ind1="4" ind2=" ">
    <subfield code="u">http://cds.cern.ch/record/843041/files/lhc-pho-1999-575.jpg</subfield>
    <subfield code="y">Access to the pictures</subfield>
    <subfield code="8">95771</subfield>
    <subfield code="s">418743</subfield>
  </datafield>
  <datafield tag="856" ind1="4" ind2=" ">
    <subfield code="u">http://cds.cern.ch/record/843041/files/lhc-pho-1999-575.gif?subformat=icon</subfield>
    <subfield code="x">icon</subfield>
    <subfield code="8">95771</subfield>
    <subfield code="s">47347</subfield>
  </datafield>
  <datafield tag="856" ind1="4" ind2=" ">
    <subfield code="8">95771</subfield>
    <subfield code="s">105229</subfield>
    <subfield code="u">http://cds.cern.ch/record/843041/files/lhc-pho-1999-575.jpg?subformat=icon-180</subfield>
    <subfield code="x">icon-180</subfield>
  </datafield>
  <datafield tag="856" ind1="4" ind2=" ">
    <subfield code="8">95771</subfield>
    <subfield code="s">372683</subfield>
    <subfield code="u">http://cds.cern.ch/record/843041/files/lhc-pho-1999-575.jpg?subformat=icon-640</subfield>
    <subfield code="x">icon-640</subfield>
  </datafield>
  <datafield tag="856" ind1="4" ind2=" ">
    <subfield code="8">95771</subfield>
    <subfield code="s">510083</subfield>
    <subfield code="u">http://cds.cern.ch/record/843041/files/lhc-pho-1999-575.jpg?subformat=icon-1440</subfield>
    <subfield code="x">icon-1440</subfield>
  </datafield>
  <datafield tag="960" ind1=" " ind2=" ">
    <subfield code="a">87</subfield>
  </datafield>
  <datafield tag="961" ind1=" " ind2=" ">
    <subfield code="c">20050614</subfield>
    <subfield code="h">1726</subfield>
    <subfield code="l">MMD01</subfield>
    <subfield code="x">20050614</subfield>
  </datafield>
  <datafield tag="963" ind1=" " ind2=" ">
    <subfield code="a">PUBLIC</subfield>
  </datafield>
  <datafield tag="970" ind1=" " ind2=" ">
    <subfield code="a">000036821MMD</subfield>
  </datafield>
  <datafield tag="980" ind1=" " ind2=" ">
    <subfield code="a">PHOTOLHCPROJECT</subfield>
  </datafield>
</record>
<record>
  <controlfield tag="001">843042</controlfield>
  <controlfield tag="003">SzGeCERN</controlfield>
  <controlfield tag="005">20241107030208.0</controlfield>
  <datafield tag="024" ind1="8" ind2=" ">
    <subfield code="a">oai:cds.cern.ch:843042</subfield>
    <subfield code="p">cerncds:FULLTEXT</subfield>
    <subfield code="p">INIS</subfield>
  </datafield>
  <datafield tag="037" ind1=" " ind2=" ">
    <subfield code="a">LHC-PHO-1999-576</subfield>
  </datafield>
  <datafield tag="041" ind1=" " ind2=" ">
    <subfield code="a">eng</subfield>
  </datafield>
  <datafield tag="041" ind1=" " ind2=" ">
    <subfield code="a">fre</subfield>
  </datafield>
  <datafield tag="100" ind1=" " ind2=" ">
    <subfield code="a">Serge Dailler</subfield>
  </datafield>
  <datafield tag="245" ind1=" " ind2=" ">
    <subfield code="a">Making of the quadrupole at CEA.</subfield>
  </datafield>
  <datafield tag="246" ind1=" " ind2="1">
    <subfield code="a">Fabrication du quadripole chez CEA.</subfield>
  </datafield>
  <datafield tag="260" ind1=" " ind2=" ">
    <subfield code="c">1999</subfield>
  </datafield>
  <datafield tag="269" ind1=" " ind2=" ">
    <subfield code="c">Sep 1999</subfield>
  </datafield>
  <datafield tag="500" ind1=" " ind2=" ">
    <subfield code="a">AC Collection. Legacy of AC. Pictures from 1992 to 2002.</subfield>
  </datafield>
  <datafield tag="541" ind1=" " ind2=" ">
    <subfield code="e">SQ_MQ_01 080999 psd</subfield>
  </datafield>
  <datafield tag="542" ind1=" " ind2=" ">
    <subfield code="d">CERN</subfield>
    <subfield code="g">1999</subfield>
  </datafield>
  <datafield tag="650" ind1="1" ind2="7">
    <subfield code="2">SzGeCERN</subfield>
    <subfield code="a">Civil engineering</subfield>
  </datafield>
  <datafield tag="653" ind1="1" ind2=" ">
    <subfield code="9">CERN</subfield>
    <subfield code="a">CEA</subfield>
  </datafield>
  <datafield tag="653" ind1="1" ind2=" ">
    <subfield code="9">CERN</subfield>
    <subfield code="a">Firms &amp; Institutes</subfield>
  </datafield>
  <datafield tag="653" ind1="1" ind2=" ">
    <subfield code="9">CERN</subfield>
    <subfield code="a">LHC machine</subfield>
  </datafield>
  <datafield tag="653" ind1="1" ind2=" ">
    <subfield code="9">CERN</subfield>
    <subfield code="a">Short Straight Section</subfield>
  </datafield>
  <datafield tag="693" ind1=" " ind2=" ">
    <subfield code="a">CERN LHC</subfield>
  </datafield>
  <datafield tag="856" ind1="4" ind2=" ">
    <subfield code="q">http://documents.cern.ch/cgi-bin/setlink?base=PHO&amp;categ=photo-lhc&amp;id=lhc-pho-1999-576</subfield>
    <subfield code="x">1</subfield>
    <subfield code="y">Access to the pictures</subfield>
  </datafield>
  <datafield tag="856" ind1="4" ind2=" ">
    <subfield code="q">http://documents.cern.ch/photo/photo-lhc/icon-lhc-pho-1999-576.gif</subfield>
    <subfield code="x">icon</subfield>
  </datafield>
  <datafield tag="856" ind1="4" ind2=" ">
    <subfield code="u">http://cds.cern.ch/record/843042/files/lhc-pho-1999-576.jpg</subfield>
    <subfield code="y">Access to the pictures</subfield>
    <subfield code="8">95773</subfield>
    <subfield code="s">426334</subfield>
  </datafield>
  <datafield tag="856" ind1="4" ind2=" ">
    <subfield code="u">http://cds.cern.ch/record/843042/files/lhc-pho-1999-576.gif?subformat=icon</subfield>
    <subfield code="x">icon</subfield>
    <subfield code="8">95773</subfield>
    <subfield code="s">43070</subfield>
  </datafield>
  <datafield tag="856" ind1="4" ind2=" ">
    <subfield code="8">95773</subfield>
    <subfield code="s">103275</subfield>
    <subfield code="u">http://cds.cern.ch/record/843042/files/lhc-pho-1999-576.jpg?subformat=icon-180</subfield>
    <subfield code="x">icon-180</subfield>
  </datafield>
  <datafield tag="856" ind1="4" ind2=" ">
    <subfield code="8">95773</subfield>
    <subfield code="s">356997</subfield>
    <subfield code="u">http://cds.cern.ch/record/843042/files/lhc-pho-1999-576.jpg?subformat=icon-640</subfield>
    <subfield code="x">icon-640</subfield>
  </datafield>
  <datafield tag="856" ind1="4" ind2=" ">
    <subfield code="8">95773</subfield>
    <subfield code="s">518624</subfield>
    <subfield code="u">http://cds.cern.ch/record/843042/files/lhc-pho-1999-576.jpg?subformat=icon-1440</subfield>
    <subfield code="x">icon-1440</subfield>
  </datafield>
  <datafield tag="960" ind1=" " ind2=" ">
    <subfield code="a">87</subfield>
  </datafield>
  <datafield tag="961" ind1=" " ind2=" ">
    <subfield code="c">20050614</subfield>
    <subfield code="h">1726</subfield>
    <subfield code="l">MMD01</subfield>
    <subfield code="x">20050614</subfield>
  </datafield>
  <datafield tag="963" ind1=" " ind2=" ">
    <subfield code="a">PUBLIC</subfield>
  </datafield>
  <datafield tag="970" ind1=" " ind2=" ">
    <subfield code="a">000036822MMD</subfield>
  </datafield>
  <datafield tag="980" ind1=" " ind2=" ">
    <subfield code="a">PHOTOLHCPROJECT</subfield>
  </datafield>
</record>
<record>
  <controlfield tag="001">843043</controlfield>
  <controlfield tag="003">SzGeCERN</controlfield>
  <controlfield tag="005">20241107030215.0</controlfield>
  <datafield tag="024" ind1="8" ind2=" ">
    <subfield code="a">oai:cds.cern.ch:843043</subfield>
    <subfield code="p">cerncds:FULLTEXT</subfield>
    <subfield code="p">INIS</subfield>
  </datafield>
  <datafield tag="037" ind1=" " ind2=" ">
    <subfield code="a">LHC-PHO-1999-577</subfield>
  </datafield>
  <datafield tag="041" ind1=" " ind2=" ">
    <subfield code="a">eng</subfield>
  </datafield>
  <datafield tag="041" ind1=" " ind2=" ">
    <subfield code="a">fre</subfield>
  </datafield>
  <datafield tag="100" ind1=" " ind2=" ">
    <subfield code="a">Serge Dailler</subfield>
  </datafield>
  <datafield tag="245" ind1=" " ind2=" ">
    <subfield code="a">Making of the quadrupole at CEA.</subfield>
  </datafield>
  <datafield tag="246" ind1=" " ind2="1">
    <subfield code="a">Fabrication du quadripole chez CEA.</subfield>
  </datafield>
  <datafield tag="260" ind1=" " ind2=" ">
    <subfield code="c">1999</subfield>
  </datafield>
  <datafield tag="269" ind1=" " ind2=" ">
    <subfield code="c">Sep 1999</subfield>
  </datafield>
  <datafield tag="500" ind1=" " ind2=" ">
    <subfield code="a">AC Collection. Legacy of AC. Pictures from 1992 to 2002.</subfield>
  </datafield>
  <datafield tag="541" ind1=" " ind2=" ">
    <subfield code="e">SQ_MQ_03 080999 psd</subfield>
  </datafield>
  <datafield tag="542" ind1=" " ind2=" ">
    <subfield code="d">CERN</subfield>
    <subfield code="g">1999</subfield>
  </datafield>
  <datafield tag="650" ind1="1" ind2="7">
    <subfield code="2">SzGeCERN</subfield>
    <subfield code="a">Civil engineering</subfield>
  </datafield>
  <datafield tag="653" ind1="1" ind2=" ">
    <subfield code="9">CERN</subfield>
    <subfield code="a">CEA</subfield>
  </datafield>
  <datafield tag="653" ind1="1" ind2=" ">
    <subfield code="9">CERN</subfield>
    <subfield code="a">Firms &amp; Institutes</subfield>
  </datafield>
  <datafield tag="653" ind1="1" ind2=" ">
    <subfield code="9">CERN</subfield>
    <subfield code="a">LHC machine</subfield>
  </datafield>
  <datafield tag="653" ind1="1" ind2=" ">
    <subfield code="9">CERN</subfield>
    <subfield code="a">Short Straight Section</subfield>
  </datafield>
  <datafield tag="693" ind1=" " ind2=" ">
    <subfield code="a">CERN LHC</subfield>
  </datafield>
  <datafield tag="856" ind1="4" ind2=" ">
    <subfield code="q">http://documents.cern.ch/cgi-bin/setlink?base=PHO&amp;categ=photo-lhc&amp;id=lhc-pho-1999-577</subfield>
    <subfield code="x">1</subfield>
    <subfield code="y">Access to the pictures</subfield>
  </datafield>
  <datafield tag="856" ind1="4" ind2=" ">
    <subfield code="q">http://documents.cern.ch/photo/photo-lhc/icon-lhc-pho-1999-577.gif</subfield>
    <subfield code="x">icon</subfield>
  </datafield>
  <datafield tag="856" ind1="4" ind2=" ">
    <subfield code="u">http://cds.cern.ch/record/843043/files/lhc-pho-1999-577.jpg</subfield>
    <subfield code="y">Access to the pictures</subfield>
    <subfield code="8">95775</subfield>
    <subfield code="s">493133</subfield>
  </datafield>
  <datafield tag="856" ind1="4" ind2=" ">
    <subfield code="u">http://cds.cern.ch/record/843043/files/lhc-pho-1999-577.gif?subformat=icon</subfield>
    <subfield code="x">icon</subfield>
    <subfield code="8">95775</subfield>
    <subfield code="s">48174</subfield>
  </datafield>
  <datafield tag="856" ind1="4" ind2=" ">
    <subfield code="8">95775</subfield>
    <subfield code="s">109284</subfield>
    <subfield code="u">http://cds.cern.ch/record/843043/files/lhc-pho-1999-577.jpg?subformat=icon-180</subfield>
    <subfield code="x">icon-180</subfield>
  </datafield>
  <datafield tag="856" ind1="4" ind2=" ">
    <subfield code="8">95775</subfield>
    <subfield code="s">410984</subfield>
    <subfield code="u">http://cds.cern.ch/record/843043/files/lhc-pho-1999-577.jpg?subformat=icon-640</subfield>
    <subfield code="x">icon-640</subfield>
  </datafield>
  <datafield tag="856" ind1="4" ind2=" ">
    <subfield code="8">95775</subfield>
    <subfield code="s">584647</subfield>
    <subfield code="u">http://cds.cern.ch/record/843043/files/lhc-pho-1999-577.jpg?subformat=icon-1440</subfield>
    <subfield code="x">icon-1440</subfield>
  </datafield>
  <datafield tag="960" ind1=" " ind2=" ">
    <subfield code="a">87</subfield>
  </datafield>
  <datafield tag="961" ind1=" " ind2=" ">
    <subfield code="c">20050614</subfield>
    <subfield code="h">1726</subfield>
    <subfield code="l">MMD01</subfield>
    <subfield code="x">20050614</subfield>
  </datafield>
  <datafield tag="963" ind1=" " ind2=" ">
    <subfield code="a">PUBLIC</subfield>
  </datafield>
  <datafield tag="970" ind1=" " ind2=" ">
    <subfield code="a">000036823MMD</subfield>
  </datafield>
  <datafield tag="980" ind1=" " ind2=" ">
    <subfield code="a">PHOTOLHCPROJECT</subfield>
  </datafield>
</record>
<record>
  <controlfield tag="001">843044</controlfield>
  <controlfield tag="003">SzGeCERN</controlfield>
  <controlfield tag="005">20241107030222.0</controlfield>
  <datafield tag="024" ind1="8" ind2=" ">
    <subfield code="a">oai:cds.cern.ch:843044</subfield>
    <subfield code="p">cerncds:FULLTEXT</subfield>
    <subfield code="p">INIS</subfield>
  </datafield>
  <datafield tag="037" ind1=" " ind2=" ">
    <subfield code="a">LHC-PHO-1999-578</subfield>
  </datafield>
  <datafield tag="041" ind1=" " ind2=" ">
    <subfield code="a">eng</subfield>
  </datafield>
  <datafield tag="041" ind1=" " ind2=" ">
    <subfield code="a">fre</subfield>
  </datafield>
  <datafield tag="100" ind1=" " ind2=" ">
    <subfield code="a">Serge Dailler</subfield>
  </datafield>
  <datafield tag="245" ind1=" " ind2=" ">
    <subfield code="a">Making of the quadrupole at CEA.</subfield>
  </datafield>
  <datafield tag="246" ind1=" " ind2="1">
    <subfield code="a">Fabrication du quadripole chez CEA.</subfield>
  </datafield>
  <datafield tag="260" ind1=" " ind2=" ">
    <subfield code="c">1999</subfield>
  </datafield>
  <datafield tag="269" ind1=" " ind2=" ">
    <subfield code="c">Sep 1999</subfield>
  </datafield>
  <datafield tag="500" ind1=" " ind2=" ">
    <subfield code="a">AC Collection. Legacy of AC. Pictures from 1992 to 2002.</subfield>
  </datafield>
  <datafield tag="541" ind1=" " ind2=" ">
    <subfield code="e">SQ_MQ_20729 080999 psd</subfield>
  </datafield>
  <datafield tag="542" ind1=" " ind2=" ">
    <subfield code="d">CERN</subfield>
    <subfield code="g">1999</subfield>
  </datafield>
  <datafield tag="650" ind1="1" ind2="7">
    <subfield code="2">SzGeCERN</subfield>
    <subfield code="a">Civil engineering</subfield>
  </datafield>
  <datafield tag="653" ind1="1" ind2=" ">
    <subfield code="9">CERN</subfield>
    <subfield code="a">CEA</subfield>
  </datafield>
  <datafield tag="653" ind1="1" ind2=" ">
    <subfield code="9">CERN</subfield>
    <subfield code="a">Firms &amp; Institutes</subfield>
  </datafield>
  <datafield tag="653" ind1="1" ind2=" ">
    <subfield code="9">CERN</subfield>
    <subfield code="a">LHC machine</subfield>
  </datafield>
  <datafield tag="653" ind1="1" ind2=" ">
    <subfield code="9">CERN</subfield>
    <subfield code="a">Short Straight Section</subfield>
  </datafield>
  <datafield tag="693" ind1=" " ind2=" ">
    <subfield code="a">CERN LHC</subfield>
  </datafield>
  <datafield tag="856" ind1="4" ind2=" ">
    <subfield code="q">http://documents.cern.ch/cgi-bin/setlink?base=PHO&amp;categ=photo-lhc&amp;id=lhc-pho-1999-578</subfield>
    <subfield code="x">1</subfield>
    <subfield code="y">Access to the pictures</subfield>
  </datafield>
  <datafield tag="856" ind1="4" ind2=" ">
    <subfield code="q">http://documents.cern.ch/photo/photo-lhc/icon-lhc-pho-1999-578.gif</subfield>
    <subfield code="x">icon</subfield>
  </datafield>
  <datafield tag="856" ind1="4" ind2=" ">
    <subfield code="u">http://cds.cern.ch/record/843044/files/lhc-pho-1999-578.jpg</subfield>
    <subfield code="y">Access to the pictures</subfield>
    <subfield code="8">95777</subfield>
    <subfield code="s">345194</subfield>
  </datafield>
  <datafield tag="856" ind1="4" ind2=" ">
    <subfield code="u">http://cds.cern.ch/record/843044/files/lhc-pho-1999-578.gif?subformat=icon</subfield>
    <subfield code="x">icon</subfield>
    <subfield code="8">95777</subfield>
    <subfield code="s">26270</subfield>
  </datafield>
  <datafield tag="856" ind1="4" ind2=" ">
    <subfield code="8">95777</subfield>
    <subfield code="s">201728</subfield>
    <subfield code="u">http://cds.cern.ch/record/843044/files/lhc-pho-1999-578.jpg?subformat=icon-640</subfield>
    <subfield code="x">icon-640</subfield>
  </datafield>
  <datafield tag="856" ind1="4" ind2=" ">
    <subfield code="8">95777</subfield>
    <subfield code="s">435953</subfield>
    <subfield code="u">http://cds.cern.ch/record/843044/files/lhc-pho-1999-578.jpg?subformat=icon-1440</subfield>
    <subfield code="x">icon-1440</subfield>
  </datafield>
  <datafield tag="856" ind1="4" ind2=" ">
    <subfield code="8">95777</subfield>
    <subfield code="s">84351</subfield>
    <subfield code="u">http://cds.cern.ch/record/843044/files/lhc-pho-1999-578.jpg?subformat=icon-180</subfield>
    <subfield code="x">icon-180</subfield>
  </datafield>
  <datafield tag="960" ind1=" " ind2=" ">
    <subfield code="a">87</subfield>
  </datafield>
  <datafield tag="961" ind1=" " ind2=" ">
    <subfield code="c">20050614</subfield>
    <subfield code="h">1726</subfield>
    <subfield code="l">MMD01</subfield>
    <subfield code="x">20050614</subfield>
  </datafield>
  <datafield tag="963" ind1=" " ind2=" ">
    <subfield code="a">PUBLIC</subfield>
  </datafield>
  <datafield tag="970" ind1=" " ind2=" ">
    <subfield code="a">000036824MMD</subfield>
  </datafield>
  <datafield tag="980" ind1=" " ind2=" ">
    <subfield code="a">PHOTOLHCPROJECT</subfield>
  </datafield>
</record>
<record>
  <controlfield tag="001">843045</controlfield>
  <controlfield tag="003">SzGeCERN</controlfield>
  <controlfield tag="005">20241107030229.0</controlfield>
  <datafield tag="024" ind1="8" ind2=" ">
    <subfield code="a">oai:cds.cern.ch:843045</subfield>
    <subfield code="p">cerncds:FULLTEXT</subfield>
    <subfield code="p">INIS</subfield>
  </datafield>
  <datafield tag="037" ind1=" " ind2=" ">
    <subfield code="a">LHC-PHO-1999-579</subfield>
  </datafield>
  <datafield tag="041" ind1=" " ind2=" ">
    <subfield code="a">eng</subfield>
  </datafield>
  <datafield tag="041" ind1=" " ind2=" ">
    <subfield code="a">fre</subfield>
  </datafield>
  <datafield tag="100" ind1=" " ind2=" ">
    <subfield code="a">Serge Dailler</subfield>
  </datafield>
  <datafield tag="245" ind1=" " ind2=" ">
    <subfield code="a">Making of the quadrupole at CEA.</subfield>
  </datafield>
  <datafield tag="246" ind1=" " ind2="1">
    <subfield code="a">Fabrication du quadripole chez CEA.</subfield>
  </datafield>
  <datafield tag="260" ind1=" " ind2=" ">
    <subfield code="c">1999</subfield>
  </datafield>
  <datafield tag="269" ind1=" " ind2=" ">
    <subfield code="c">Sep 1999</subfield>
  </datafield>
  <datafield tag="500" ind1=" " ind2=" ">
    <subfield code="a">AC Collection. Legacy of AC. Pictures from 1992 to 2002.</subfield>
  </datafield>
  <datafield tag="541" ind1=" " ind2=" ">
    <subfield code="e">SQ_MQ_20732 080999 psd</subfield>
  </datafield>
  <datafield tag="542" ind1=" " ind2=" ">
    <subfield code="d">CERN</subfield>
    <subfield code="g">1999</subfield>
  </datafield>
  <datafield tag="650" ind1="1" ind2="7">
    <subfield code="2">SzGeCERN</subfield>
    <subfield code="a">Civil engineering</subfield>
  </datafield>
  <datafield tag="653" ind1="1" ind2=" ">
    <subfield code="9">CERN</subfield>
    <subfield code="a">CEA</subfield>
  </datafield>
  <datafield tag="653" ind1="1" ind2=" ">
    <subfield code="9">CERN</subfield>
    <subfield code="a">Firms &amp; Institutes</subfield>
  </datafield>
  <datafield tag="653" ind1="1" ind2=" ">
    <subfield code="9">CERN</subfield>
    <subfield code="a">LHC machine</subfield>
  </datafield>
  <datafield tag="653" ind1="1" ind2=" ">
    <subfield code="9">CERN</subfield>
    <subfield code="a">Short Straight Section</subfield>
  </datafield>
  <datafield tag="693" ind1=" " ind2=" ">
    <subfield code="a">CERN LHC</subfield>
  </datafield>
  <datafield tag="856" ind1="4" ind2=" ">
    <subfield code="q">http://documents.cern.ch/cgi-bin/setlink?base=PHO&amp;categ=photo-lhc&amp;id=lhc-pho-1999-579</subfield>
    <subfield code="x">1</subfield>
    <subfield code="y">Access to the pictures</subfield>
  </datafield>
  <datafield tag="856" ind1="4" ind2=" ">
    <subfield code="q">http://documents.cern.ch/photo/photo-lhc/icon-lhc-pho-1999-579.gif</subfield>
    <subfield code="x">icon</subfield>
  </datafield>
  <datafield tag="856" ind1="4" ind2=" ">
    <subfield code="u">http://cds.cern.ch/record/843045/files/lhc-pho-1999-579.jpg</subfield>
    <subfield code="y">Access to the pictures</subfield>
    <subfield code="8">95779</subfield>
    <subfield code="s">362063</subfield>
  </datafield>
  <datafield tag="856" ind1="4" ind2=" ">
    <subfield code="u">http://cds.cern.ch/record/843045/files/lhc-pho-1999-579.gif?subformat=icon</subfield>
    <subfield code="x">icon</subfield>
    <subfield code="8">95779</subfield>
    <subfield code="s">26797</subfield>
  </datafield>
  <datafield tag="856" ind1="4" ind2=" ">
    <subfield code="8">95779</subfield>
    <subfield code="s">207710</subfield>
    <subfield code="u">http://cds.cern.ch/record/843045/files/lhc-pho-1999-579.jpg?subformat=icon-640</subfield>
    <subfield code="x">icon-640</subfield>
  </datafield>
  <datafield tag="856" ind1="4" ind2=" ">
    <subfield code="8">95779</subfield>
    <subfield code="s">457317</subfield>
    <subfield code="u">http://cds.cern.ch/record/843045/files/lhc-pho-1999-579.jpg?subformat=icon-1440</subfield>
    <subfield code="x">icon-1440</subfield>
  </datafield>
  <datafield tag="856" ind1="4" ind2=" ">
    <subfield code="8">95779</subfield>
    <subfield code="s">84008</subfield>
    <subfield code="u">http://cds.cern.ch/record/843045/files/lhc-pho-1999-579.jpg?subformat=icon-180</subfield>
    <subfield code="x">icon-180</subfield>
  </datafield>
  <datafield tag="960" ind1=" " ind2=" ">
    <subfield code="a">87</subfield>
  </datafield>
  <datafield tag="961" ind1=" " ind2=" ">
    <subfield code="c">20050614</subfield>
    <subfield code="h">1726</subfield>
    <subfield code="l">MMD01</subfield>
    <subfield code="x">20050614</subfield>
  </datafield>
  <datafield tag="963" ind1=" " ind2=" ">
    <subfield code="a">PUBLIC</subfield>
  </datafield>
  <datafield tag="970" ind1=" " ind2=" ">
    <subfield code="a">000036825MMD</subfield>
  </datafield>
  <datafield tag="980" ind1=" " ind2=" ">
    <subfield code="a">PHOTOLHCPROJECT</subfield>
  </datafield>
</record>
<record>
  <controlfield tag="001">843046</controlfield>
  <controlfield tag="003">SzGeCERN</controlfield>
  <controlfield tag="005">20241107030236.0</controlfield>
  <datafield tag="024" ind1="8" ind2=" ">
    <subfield code="a">oai:cds.cern.ch:843046</subfield>
    <subfield code="p">cerncds:FULLTEXT</subfield>
    <subfield code="p">INIS</subfield>
  </datafield>
  <datafield tag="037" ind1=" " ind2=" ">
    <subfield code="a">LHC-PHO-1999-580</subfield>
  </datafield>
  <datafield tag="041" ind1=" " ind2=" ">
    <subfield code="a">eng</subfield>
  </datafield>
  <datafield tag="041" ind1=" " ind2=" ">
    <subfield code="a">fre</subfield>
  </datafield>
  <datafield tag="100" ind1=" " ind2=" ">
    <subfield code="a">Serge Dailler</subfield>
  </datafield>
  <datafield tag="245" ind1=" " ind2=" ">
    <subfield code="a">Making of the quadrupole at CEA.</subfield>
  </datafield>
  <datafield tag="246" ind1=" " ind2="1">
    <subfield code="a">Fabrication du quadripole chez CEA.</subfield>
  </datafield>
  <datafield tag="260" ind1=" " ind2=" ">
    <subfield code="c">1999</subfield>
  </datafield>
  <datafield tag="269" ind1=" " ind2=" ">
    <subfield code="c">Sep 1999</subfield>
  </datafield>
  <datafield tag="500" ind1=" " ind2=" ">
    <subfield code="a">AC Collection. Legacy of AC. Pictures from 1992 to 2002.</subfield>
  </datafield>
  <datafield tag="541" ind1=" " ind2=" ">
    <subfield code="e">SQ_MQ_20773 080999 psd</subfield>
  </datafield>
  <datafield tag="542" ind1=" " ind2=" ">
    <subfield code="d">CERN</subfield>
    <subfield code="g">1999</subfield>
  </datafield>
  <datafield tag="650" ind1="1" ind2="7">
    <subfield code="2">SzGeCERN</subfield>
    <subfield code="a">Civil engineering</subfield>
  </datafield>
  <datafield tag="653" ind1="1" ind2=" ">
    <subfield code="9">CERN</subfield>
    <subfield code="a">CEA</subfield>
  </datafield>
  <datafield tag="653" ind1="1" ind2=" ">
    <subfield code="9">CERN</subfield>
    <subfield code="a">Firms &amp; Institutes</subfield>
  </datafield>
  <datafield tag="653" ind1="1" ind2=" ">
    <subfield code="9">CERN</subfield>
    <subfield code="a">LHC machine</subfield>
  </datafield>
  <datafield tag="653" ind1="1" ind2=" ">
    <subfield code="9">CERN</subfield>
    <subfield code="a">Short Straight Section</subfield>
  </datafield>
  <datafield tag="693" ind1=" " ind2=" ">
    <subfield code="a">CERN LHC</subfield>
  </datafield>
  <datafield tag="856" ind1="4" ind2=" ">
    <subfield code="q">http://documents.cern.ch/cgi-bin/setlink?base=PHO&amp;categ=photo-lhc&amp;id=lhc-pho-1999-580</subfield>
    <subfield code="x">1</subfield>
    <subfield code="y">Access to the pictures</subfield>
  </datafield>
  <datafield tag="856" ind1="4" ind2=" ">
    <subfield code="q">http://documents.cern.ch/photo/photo-lhc/icon-lhc-pho-1999-580.gif</subfield>
    <subfield code="x">icon</subfield>
  </datafield>
  <datafield tag="856" ind1="4" ind2=" ">
    <subfield code="u">http://cds.cern.ch/record/843046/files/lhc-pho-1999-580.jpg</subfield>
    <subfield code="y">Access to the pictures</subfield>
    <subfield code="8">95781</subfield>
    <subfield code="s">321073</subfield>
  </datafield>
  <datafield tag="856" ind1="4" ind2=" ">
    <subfield code="u">http://cds.cern.ch/record/843046/files/lhc-pho-1999-580.gif?subformat=icon</subfield>
    <subfield code="x">icon</subfield>
    <subfield code="8">95781</subfield>
    <subfield code="s">42999</subfield>
  </datafield>
  <datafield tag="856" ind1="4" ind2=" ">
    <subfield code="8">95781</subfield>
    <subfield code="s">308091</subfield>
    <subfield code="u">http://cds.cern.ch/record/843046/files/lhc-pho-1999-580.jpg?subformat=icon-640</subfield>
    <subfield code="x">icon-640</subfield>
  </datafield>
  <datafield tag="856" ind1="4" ind2=" ">
    <subfield code="8">95781</subfield>
    <subfield code="s">412130</subfield>
    <subfield code="u">http://cds.cern.ch/record/843046/files/lhc-pho-1999-580.jpg?subformat=icon-1440</subfield>
    <subfield code="x">icon-1440</subfield>
  </datafield>
  <datafield tag="856" ind1="4" ind2=" ">
    <subfield code="8">95781</subfield>
    <subfield code="s">96843</subfield>
    <subfield code="u">http://cds.cern.ch/record/843046/files/lhc-pho-1999-580.jpg?subformat=icon-180</subfield>
    <subfield code="x">icon-180</subfield>
  </datafield>
  <datafield tag="960" ind1=" " ind2=" ">
    <subfield code="a">87</subfield>
  </datafield>
  <datafield tag="961" ind1=" " ind2=" ">
    <subfield code="c">20050614</subfield>
    <subfield code="h">1726</subfield>
    <subfield code="l">MMD01</subfield>
    <subfield code="x">20050614</subfield>
  </datafield>
  <datafield tag="963" ind1=" " ind2=" ">
    <subfield code="a">PUBLIC</subfield>
  </datafield>
  <datafield tag="970" ind1=" " ind2=" ">
    <subfield code="a">000036826MMD</subfield>
  </datafield>
  <datafield tag="980" ind1=" " ind2=" ">
    <subfield code="a">PHOTOLHCPROJECT</subfield>
  </datafield>
</record>
<record>
  <controlfield tag="001">843047</controlfield>
  <controlfield tag="003">SzGeCERN</controlfield>
  <controlfield tag="005">20241107030243.0</controlfield>
  <datafield tag="024" ind1="8" ind2=" ">
    <subfield code="a">oai:cds.cern.ch:843047</subfield>
    <subfield code="p">cerncds:FULLTEXT</subfield>
    <subfield code="p">INIS</subfield>
  </datafield>
  <datafield tag="037" ind1=" " ind2=" ">
    <subfield code="a">LHC-PHO-1999-581</subfield>
  </datafield>
  <datafield tag="041" ind1=" " ind2=" ">
    <subfield code="a">eng</subfield>
  </datafield>
  <datafield tag="041" ind1=" " ind2=" ">
    <subfield code="a">fre</subfield>
  </datafield>
  <datafield tag="100" ind1=" " ind2=" ">
    <subfield code="a">Serge Dailler</subfield>
  </datafield>
  <datafield tag="245" ind1=" " ind2=" ">
    <subfield code="a">Making of the quadrupole at CEA.</subfield>
  </datafield>
  <datafield tag="246" ind1=" " ind2="1">
    <subfield code="a">Fabrication du quadripole chez CEA.</subfield>
  </datafield>
  <datafield tag="260" ind1=" " ind2=" ">
    <subfield code="c">1999</subfield>
  </datafield>
  <datafield tag="269" ind1=" " ind2=" ">
    <subfield code="c">Sep 1999</subfield>
  </datafield>
  <datafield tag="500" ind1=" " ind2=" ">
    <subfield code="a">AC Collection. Legacy of AC. Pictures from 1992 to 2002.</subfield>
  </datafield>
  <datafield tag="541" ind1=" " ind2=" ">
    <subfield code="e">SQ_MQ_20775 080999 psd</subfield>
  </datafield>
  <datafield tag="542" ind1=" " ind2=" ">
    <subfield code="d">CERN</subfield>
    <subfield code="g">1999</subfield>
  </datafield>
  <datafield tag="650" ind1="1" ind2="7">
    <subfield code="2">SzGeCERN</subfield>
    <subfield code="a">Civil engineering</subfield>
  </datafield>
  <datafield tag="653" ind1="1" ind2=" ">
    <subfield code="9">CERN</subfield>
    <subfield code="a">CEA</subfield>
  </datafield>
  <datafield tag="653" ind1="1" ind2=" ">
    <subfield code="9">CERN</subfield>
    <subfield code="a">Firms &amp; Institutes</subfield>
  </datafield>
  <datafield tag="653" ind1="1" ind2=" ">
    <subfield code="9">CERN</subfield>
    <subfield code="a">LHC machine</subfield>
  </datafield>
  <datafield tag="653" ind1="1" ind2=" ">
    <subfield code="9">CERN</subfield>
    <subfield code="a">Short Straight Section</subfield>
  </datafield>
  <datafield tag="693" ind1=" " ind2=" ">
    <subfield code="a">CERN LHC</subfield>
  </datafield>
  <datafield tag="856" ind1="4" ind2=" ">
    <subfield code="q">http://documents.cern.ch/cgi-bin/setlink?base=PHO&amp;categ=photo-lhc&amp;id=lhc-pho-1999-581</subfield>
    <subfield code="x">1</subfield>
    <subfield code="y">Access to the pictures</subfield>
  </datafield>
  <datafield tag="856" ind1="4" ind2=" ">
    <subfield code="q">http://documents.cern.ch/photo/photo-lhc/icon-lhc-pho-1999-581.gif</subfield>
    <subfield code="x">icon</subfield>
  </datafield>
  <datafield tag="856" ind1="4" ind2=" ">
    <subfield code="u">http://cds.cern.ch/record/843047/files/lhc-pho-1999-581.jpg</subfield>
    <subfield code="y">Access to the pictures</subfield>
    <subfield code="8">95783</subfield>
    <subfield code="s">338608</subfield>
  </datafield>
  <datafield tag="856" ind1="4" ind2=" ">
    <subfield code="u">http://cds.cern.ch/record/843047/files/lhc-pho-1999-581.gif?subformat=icon</subfield>
    <subfield code="x">icon</subfield>
    <subfield code="8">95783</subfield>
    <subfield code="s">44720</subfield>
  </datafield>
  <datafield tag="856" ind1="4" ind2=" ">
    <subfield code="8">95783</subfield>
    <subfield code="s">323622</subfield>
    <subfield code="u">http://cds.cern.ch/record/843047/files/lhc-pho-1999-581.jpg?subformat=icon-640</subfield>
    <subfield code="x">icon-640</subfield>
  </datafield>
  <datafield tag="856" ind1="4" ind2=" ">
    <subfield code="8">95783</subfield>
    <subfield code="s">436634</subfield>
    <subfield code="u">http://cds.cern.ch/record/843047/files/lhc-pho-1999-581.jpg?subformat=icon-1440</subfield>
    <subfield code="x">icon-1440</subfield>
  </datafield>
  <datafield tag="856" ind1="4" ind2=" ">
    <subfield code="8">95783</subfield>
    <subfield code="s">99999</subfield>
    <subfield code="u">http://cds.cern.ch/record/843047/files/lhc-pho-1999-581.jpg?subformat=icon-180</subfield>
    <subfield code="x">icon-180</subfield>
  </datafield>
  <datafield tag="960" ind1=" " ind2=" ">
    <subfield code="a">87</subfield>
  </datafield>
  <datafield tag="961" ind1=" " ind2=" ">
    <subfield code="c">20050614</subfield>
    <subfield code="h">1726</subfield>
    <subfield code="l">MMD01</subfield>
    <subfield code="x">20050614</subfield>
  </datafield>
  <datafield tag="963" ind1=" " ind2=" ">
    <subfield code="a">PUBLIC</subfield>
  </datafield>
  <datafield tag="970" ind1=" " ind2=" ">
    <subfield code="a">000036827MMD</subfield>
  </datafield>
  <datafield tag="980" ind1=" " ind2=" ">
    <subfield code="a">PHOTOLHCPROJECT</subfield>
  </datafield>
</record>
<record>
  <controlfield tag="001">843048</controlfield>
  <controlfield tag="003">SzGeCERN</controlfield>
  <controlfield tag="005">20241107030339.0</controlfield>
  <datafield tag="024" ind1="8" ind2=" ">
    <subfield code="a">oai:cds.cern.ch:843048</subfield>
    <subfield code="p">cerncds:FULLTEXT</subfield>
    <subfield code="p">INIS</subfield>
  </datafield>
  <datafield tag="037" ind1=" " ind2=" ">
    <subfield code="a">LHC-PHO-1999-582</subfield>
  </datafield>
  <datafield tag="041" ind1=" " ind2=" ">
    <subfield code="a">eng</subfield>
  </datafield>
  <datafield tag="041" ind1=" " ind2=" ">
    <subfield code="a">fre</subfield>
  </datafield>
  <datafield tag="100" ind1=" " ind2=" ">
    <subfield code="a">Serge Dailler</subfield>
  </datafield>
  <datafield tag="245" ind1=" " ind2=" ">
    <subfield code="a">Making of the quadrupole at CEA.</subfield>
  </datafield>
  <datafield tag="246" ind1=" " ind2="1">
    <subfield code="a">Fabrication du quadripole chez CEA.</subfield>
  </datafield>
  <datafield tag="260" ind1=" " ind2=" ">
    <subfield code="c">1999</subfield>
  </datafield>
  <datafield tag="269" ind1=" " ind2=" ">
    <subfield code="c">Sep 1999</subfield>
  </datafield>
  <datafield tag="500" ind1=" " ind2=" ">
    <subfield code="a">AC Collection. Legacy of AC. Pictures from 1992 to 2002.</subfield>
  </datafield>
  <datafield tag="541" ind1=" " ind2=" ">
    <subfield code="e">SQ_MQ_21197 080999 psd</subfield>
  </datafield>
  <datafield tag="542" ind1=" " ind2=" ">
    <subfield code="d">CERN</subfield>
    <subfield code="g">1999</subfield>
  </datafield>
  <datafield tag="650" ind1="1" ind2="7">
    <subfield code="2">SzGeCERN</subfield>
    <subfield code="a">Civil engineering</subfield>
  </datafield>
  <datafield tag="653" ind1="1" ind2=" ">
    <subfield code="9">CERN</subfield>
    <subfield code="a">CEA</subfield>
  </datafield>
  <datafield tag="653" ind1="1" ind2=" ">
    <subfield code="9">CERN</subfield>
    <subfield code="a">Firms &amp; Institutes</subfield>
  </datafield>
  <datafield tag="653" ind1="1" ind2=" ">
    <subfield code="9">CERN</subfield>
    <subfield code="a">LHC machine</subfield>
  </datafield>
  <datafield tag="653" ind1="1" ind2=" ">
    <subfield code="9">CERN</subfield>
    <subfield code="a">Short Straight Section</subfield>
  </datafield>
  <datafield tag="693" ind1=" " ind2=" ">
    <subfield code="a">CERN LHC</subfield>
  </datafield>
  <datafield tag="856" ind1="4" ind2=" ">
    <subfield code="q">http://documents.cern.ch/cgi-bin/setlink?base=PHO&amp;categ=photo-lhc&amp;id=lhc-pho-1999-582</subfield>
    <subfield code="x">1</subfield>
    <subfield code="y">Access to the pictures</subfield>
  </datafield>
  <datafield tag="856" ind1="4" ind2=" ">
    <subfield code="q">http://documents.cern.ch/photo/photo-lhc/icon-lhc-pho-1999-582.gif</subfield>
    <subfield code="x">icon</subfield>
  </datafield>
  <datafield tag="856" ind1="4" ind2=" ">
    <subfield code="u">http://cds.cern.ch/record/843048/files/lhc-pho-1999-582.jpg</subfield>
    <subfield code="y">Access to the pictures</subfield>
    <subfield code="8">95785</subfield>
    <subfield code="s">451652</subfield>
  </datafield>
  <datafield tag="856" ind1="4" ind2=" ">
    <subfield code="u">http://cds.cern.ch/record/843048/files/lhc-pho-1999-582.gif?subformat=icon</subfield>
    <subfield code="x">icon</subfield>
    <subfield code="8">95785</subfield>
    <subfield code="s">31147</subfield>
  </datafield>
  <datafield tag="856" ind1="4" ind2=" ">
    <subfield code="8">95785</subfield>
    <subfield code="s">269891</subfield>
    <subfield code="u">http://cds.cern.ch/record/843048/files/lhc-pho-1999-582.jpg?subformat=icon-640</subfield>
    <subfield code="x">icon-640</subfield>
  </datafield>
  <datafield tag="856" ind1="4" ind2=" ">
    <subfield code="8">95785</subfield>
    <subfield code="s">545839</subfield>
    <subfield code="u">http://cds.cern.ch/record/843048/files/lhc-pho-1999-582.jpg?subformat=icon-1440</subfield>
    <subfield code="x">icon-1440</subfield>
  </datafield>
  <datafield tag="856" ind1="4" ind2=" ">
    <subfield code="8">95785</subfield>
    <subfield code="s">92121</subfield>
    <subfield code="u">http://cds.cern.ch/record/843048/files/lhc-pho-1999-582.jpg?subformat=icon-180</subfield>
    <subfield code="x">icon-180</subfield>
  </datafield>
  <datafield tag="960" ind1=" " ind2=" ">
    <subfield code="a">87</subfield>
  </datafield>
  <datafield tag="961" ind1=" " ind2=" ">
    <subfield code="c">20050614</subfield>
    <subfield code="h">1726</subfield>
    <subfield code="l">MMD01</subfield>
    <subfield code="x">20050614</subfield>
  </datafield>
  <datafield tag="963" ind1=" " ind2=" ">
    <subfield code="a">PUBLIC</subfield>
  </datafield>
  <datafield tag="970" ind1=" " ind2=" ">
    <subfield code="a">000036828MMD</subfield>
  </datafield>
  <datafield tag="980" ind1=" " ind2=" ">
    <subfield code="a">PHOTOLHCPROJECT</subfield>
  </datafield>
</record>
<record>
  <controlfield tag="001">843049</controlfield>
  <controlfield tag="003">SzGeCERN</controlfield>
  <controlfield tag="005">20241107030400.0</controlfield>
  <datafield tag="024" ind1="8" ind2=" ">
    <subfield code="a">oai:cds.cern.ch:843049</subfield>
    <subfield code="p">cerncds:FULLTEXT</subfield>
    <subfield code="p">INIS</subfield>
  </datafield>
  <datafield tag="037" ind1=" " ind2=" ">
    <subfield code="a">LHC-PHO-1999-583</subfield>
  </datafield>
  <datafield tag="041" ind1=" " ind2=" ">
    <subfield code="a">eng</subfield>
  </datafield>
  <datafield tag="041" ind1=" " ind2=" ">
    <subfield code="a">fre</subfield>
  </datafield>
  <datafield tag="100" ind1=" " ind2=" ">
    <subfield code="a">Serge Dailler</subfield>
  </datafield>
  <datafield tag="245" ind1=" " ind2=" ">
    <subfield code="a">Making of the quadrupole at CEA.</subfield>
  </datafield>
  <datafield tag="246" ind1=" " ind2="1">
    <subfield code="a">Fabrication du quadripole chez CEA.</subfield>
  </datafield>
  <datafield tag="260" ind1=" " ind2=" ">
    <subfield code="c">1999</subfield>
  </datafield>
  <datafield tag="269" ind1=" " ind2=" ">
    <subfield code="c">Sep 1999</subfield>
  </datafield>
  <datafield tag="500" ind1=" " ind2=" ">
    <subfield code="a">AC Collection. Legacy of AC. Pictures from 1992 to 2002.</subfield>
  </datafield>
  <datafield tag="541" ind1=" " ind2=" ">
    <subfield code="e">SQ_MQ_21198 080999 psd</subfield>
  </datafield>
  <datafield tag="542" ind1=" " ind2=" ">
    <subfield code="d">CERN</subfield>
    <subfield code="g">1999</subfield>
  </datafield>
  <datafield tag="650" ind1="1" ind2="7">
    <subfield code="2">SzGeCERN</subfield>
    <subfield code="a">Civil engineering</subfield>
  </datafield>
  <datafield tag="653" ind1="1" ind2=" ">
    <subfield code="9">CERN</subfield>
    <subfield code="a">CEA</subfield>
  </datafield>
  <datafield tag="653" ind1="1" ind2=" ">
    <subfield code="9">CERN</subfield>
    <subfield code="a">Firms &amp; Institutes</subfield>
  </datafield>
  <datafield tag="653" ind1="1" ind2=" ">
    <subfield code="9">CERN</subfield>
    <subfield code="a">LHC machine</subfield>
  </datafield>
  <datafield tag="653" ind1="1" ind2=" ">
    <subfield code="9">CERN</subfield>
    <subfield code="a">Short Straight Section</subfield>
  </datafield>
  <datafield tag="693" ind1=" " ind2=" ">
    <subfield code="a">CERN LHC</subfield>
  </datafield>
  <datafield tag="856" ind1="4" ind2=" ">
    <subfield code="q">http://documents.cern.ch/cgi-bin/setlink?base=PHO&amp;categ=photo-lhc&amp;id=lhc-pho-1999-583</subfield>
    <subfield code="x">1</subfield>
    <subfield code="y">Access to the pictures</subfield>
  </datafield>
  <datafield tag="856" ind1="4" ind2=" ">
    <subfield code="q">http://documents.cern.ch/photo/photo-lhc/icon-lhc-pho-1999-583.gif</subfield>
    <subfield code="x">icon</subfield>
  </datafield>
  <datafield tag="856" ind1="4" ind2=" ">
    <subfield code="u">http://cds.cern.ch/record/843049/files/lhc-pho-1999-583.jpg</subfield>
    <subfield code="y">Access to the pictures</subfield>
    <subfield code="8">95787</subfield>
    <subfield code="s">355261</subfield>
  </datafield>
  <datafield tag="856" ind1="4" ind2=" ">
    <subfield code="u">http://cds.cern.ch/record/843049/files/lhc-pho-1999-583.gif?subformat=icon</subfield>
    <subfield code="x">icon</subfield>
    <subfield code="8">95787</subfield>
    <subfield code="s">44910</subfield>
  </datafield>
  <datafield tag="856" ind1="4" ind2=" ">
    <subfield code="8">95787</subfield>
    <subfield code="s">101591</subfield>
    <subfield code="u">http://cds.cern.ch/record/843049/files/lhc-pho-1999-583.jpg?subformat=icon-180</subfield>
    <subfield code="x">icon-180</subfield>
  </datafield>
  <datafield tag="856" ind1="4" ind2=" ">
    <subfield code="8">95787</subfield>
    <subfield code="s">333905</subfield>
    <subfield code="u">http://cds.cern.ch/record/843049/files/lhc-pho-1999-583.jpg?subformat=icon-640</subfield>
    <subfield code="x">icon-640</subfield>
  </datafield>
  <datafield tag="856" ind1="4" ind2=" ">
    <subfield code="8">95787</subfield>
    <subfield code="s">444326</subfield>
    <subfield code="u">http://cds.cern.ch/record/843049/files/lhc-pho-1999-583.jpg?subformat=icon-1440</subfield>
    <subfield code="x">icon-1440</subfield>
  </datafield>
  <datafield tag="960" ind1=" " ind2=" ">
    <subfield code="a">87</subfield>
  </datafield>
  <datafield tag="961" ind1=" " ind2=" ">
    <subfield code="c">20050614</subfield>
    <subfield code="h">1726</subfield>
    <subfield code="l">MMD01</subfield>
    <subfield code="x">20050614</subfield>
  </datafield>
  <datafield tag="963" ind1=" " ind2=" ">
    <subfield code="a">PUBLIC</subfield>
  </datafield>
  <datafield tag="970" ind1=" " ind2=" ">
    <subfield code="a">000036829MMD</subfield>
  </datafield>
  <datafield tag="980" ind1=" " ind2=" ">
    <subfield code="a">PHOTOLHCPROJECT</subfield>
  </datafield>
</record>
<record>
  <controlfield tag="001">843050</controlfield>
  <controlfield tag="003">SzGeCERN</controlfield>
  <controlfield tag="005">20241107030407.0</controlfield>
  <datafield tag="024" ind1="8" ind2=" ">
    <subfield code="a">oai:cds.cern.ch:843050</subfield>
    <subfield code="p">cerncds:FULLTEXT</subfield>
    <subfield code="p">INIS</subfield>
  </datafield>
  <datafield tag="037" ind1=" " ind2=" ">
    <subfield code="a">LHC-PHO-1999-584</subfield>
  </datafield>
  <datafield tag="041" ind1=" " ind2=" ">
    <subfield code="a">eng</subfield>
  </datafield>
  <datafield tag="041" ind1=" " ind2=" ">
    <subfield code="a">fre</subfield>
  </datafield>
  <datafield tag="100" ind1=" " ind2=" ">
    <subfield code="a">Serge Dailler</subfield>
  </datafield>
  <datafield tag="245" ind1=" " ind2=" ">
    <subfield code="a">Making of the quadrupole at CEA.</subfield>
  </datafield>
  <datafield tag="246" ind1=" " ind2="1">
    <subfield code="a">Fabrication du quadripole chez CEA.</subfield>
  </datafield>
  <datafield tag="260" ind1=" " ind2=" ">
    <subfield code="c">1999</subfield>
  </datafield>
  <datafield tag="269" ind1=" " ind2=" ">
    <subfield code="c">Sep 1999</subfield>
  </datafield>
  <datafield tag="500" ind1=" " ind2=" ">
    <subfield code="a">AC Collection. Legacy of AC. Pictures from 1992 to 2002.</subfield>
  </datafield>
  <datafield tag="541" ind1=" " ind2=" ">
    <subfield code="e">SQ_MQ_21199 080999 psd</subfield>
  </datafield>
  <datafield tag="542" ind1=" " ind2=" ">
    <subfield code="d">CERN</subfield>
    <subfield code="g">1999</subfield>
  </datafield>
  <datafield tag="650" ind1="1" ind2="7">
    <subfield code="2">SzGeCERN</subfield>
    <subfield code="a">Civil engineering</subfield>
  </datafield>
  <datafield tag="653" ind1="1" ind2=" ">
    <subfield code="9">CERN</subfield>
    <subfield code="a">CEA</subfield>
  </datafield>
  <datafield tag="653" ind1="1" ind2=" ">
    <subfield code="9">CERN</subfield>
    <subfield code="a">Firms &amp; Institutes</subfield>
  </datafield>
  <datafield tag="653" ind1="1" ind2=" ">
    <subfield code="9">CERN</subfield>
    <subfield code="a">LHC machine</subfield>
  </datafield>
  <datafield tag="653" ind1="1" ind2=" ">
    <subfield code="9">CERN</subfield>
    <subfield code="a">Short Straight Section</subfield>
  </datafield>
  <datafield tag="693" ind1=" " ind2=" ">
    <subfield code="a">CERN LHC</subfield>
  </datafield>
  <datafield tag="856" ind1="4" ind2=" ">
    <subfield code="q">http://documents.cern.ch/cgi-bin/setlink?base=PHO&amp;categ=photo-lhc&amp;id=lhc-pho-1999-584</subfield>
    <subfield code="x">1</subfield>
    <subfield code="y">Access to the pictures</subfield>
  </datafield>
  <datafield tag="856" ind1="4" ind2=" ">
    <subfield code="q">http://documents.cern.ch/photo/photo-lhc/icon-lhc-pho-1999-584.gif</subfield>
    <subfield code="x">icon</subfield>
  </datafield>
  <datafield tag="856" ind1="4" ind2=" ">
    <subfield code="u">http://cds.cern.ch/record/843050/files/lhc-pho-1999-584.jpg</subfield>
    <subfield code="y">Access to the pictures</subfield>
    <subfield code="8">95789</subfield>
    <subfield code="s">309906</subfield>
  </datafield>
  <datafield tag="856" ind1="4" ind2=" ">
    <subfield code="u">http://cds.cern.ch/record/843050/files/lhc-pho-1999-584.gif?subformat=icon</subfield>
    <subfield code="x">icon</subfield>
    <subfield code="8">95789</subfield>
    <subfield code="s">42052</subfield>
  </datafield>
  <datafield tag="856" ind1="4" ind2=" ">
    <subfield code="8">95789</subfield>
    <subfield code="s">301066</subfield>
    <subfield code="u">http://cds.cern.ch/record/843050/files/lhc-pho-1999-584.jpg?subformat=icon-640</subfield>
    <subfield code="x">icon-640</subfield>
  </datafield>
  <datafield tag="856" ind1="4" ind2=" ">
    <subfield code="8">95789</subfield>
    <subfield code="s">401747</subfield>
    <subfield code="u">http://cds.cern.ch/record/843050/files/lhc-pho-1999-584.jpg?subformat=icon-1440</subfield>
    <subfield code="x">icon-1440</subfield>
  </datafield>
  <datafield tag="856" ind1="4" ind2=" ">
    <subfield code="8">95789</subfield>
    <subfield code="s">99858</subfield>
    <subfield code="u">http://cds.cern.ch/record/843050/files/lhc-pho-1999-584.jpg?subformat=icon-180</subfield>
    <subfield code="x">icon-180</subfield>
  </datafield>
  <datafield tag="960" ind1=" " ind2=" ">
    <subfield code="a">87</subfield>
  </datafield>
  <datafield tag="961" ind1=" " ind2=" ">
    <subfield code="c">20050614</subfield>
    <subfield code="h">1726</subfield>
    <subfield code="l">MMD01</subfield>
    <subfield code="x">20050614</subfield>
  </datafield>
  <datafield tag="963" ind1=" " ind2=" ">
    <subfield code="a">PUBLIC</subfield>
  </datafield>
  <datafield tag="970" ind1=" " ind2=" ">
    <subfield code="a">000036830MMD</subfield>
  </datafield>
  <datafield tag="980" ind1=" " ind2=" ">
    <subfield code="a">PHOTOLHCPROJECT</subfield>
  </datafield>
</record>
<record>
  <controlfield tag="001">843051</controlfield>
  <controlfield tag="003">SzGeCERN</controlfield>
  <controlfield tag="005">20241107030414.0</controlfield>
  <datafield tag="024" ind1="8" ind2=" ">
    <subfield code="a">oai:cds.cern.ch:843051</subfield>
    <subfield code="p">cerncds:FULLTEXT</subfield>
    <subfield code="p">INIS</subfield>
  </datafield>
  <datafield tag="037" ind1=" " ind2=" ">
    <subfield code="a">LHC-PHO-1999-585</subfield>
  </datafield>
  <datafield tag="041" ind1=" " ind2=" ">
    <subfield code="a">eng</subfield>
  </datafield>
  <datafield tag="041" ind1=" " ind2=" ">
    <subfield code="a">fre</subfield>
  </datafield>
  <datafield tag="100" ind1=" " ind2=" ">
    <subfield code="a">Serge Dailler</subfield>
  </datafield>
  <datafield tag="245" ind1=" " ind2=" ">
    <subfield code="a">Making of the quadrupole at CEA.</subfield>
  </datafield>
  <datafield tag="246" ind1=" " ind2="1">
    <subfield code="a">Fabrication du quadripole chez CEA.</subfield>
  </datafield>
  <datafield tag="260" ind1=" " ind2=" ">
    <subfield code="c">1999</subfield>
  </datafield>
  <datafield tag="269" ind1=" " ind2=" ">
    <subfield code="c">Sep 1999</subfield>
  </datafield>
  <datafield tag="500" ind1=" " ind2=" ">
    <subfield code="a">AC Collection. Legacy of AC. Pictures from 1992 to 2002.</subfield>
  </datafield>
  <datafield tag="541" ind1=" " ind2=" ">
    <subfield code="e">SQ_MQ_21200 080999 psd</subfield>
  </datafield>
  <datafield tag="542" ind1=" " ind2=" ">
    <subfield code="d">CERN</subfield>
    <subfield code="g">1999</subfield>
  </datafield>
  <datafield tag="650" ind1="1" ind2="7">
    <subfield code="2">SzGeCERN</subfield>
    <subfield code="a">Civil engineering</subfield>
  </datafield>
  <datafield tag="653" ind1="1" ind2=" ">
    <subfield code="9">CERN</subfield>
    <subfield code="a">CEA</subfield>
  </datafield>
  <datafield tag="653" ind1="1" ind2=" ">
    <subfield code="9">CERN</subfield>
    <subfield code="a">Firms &amp; Institutes</subfield>
  </datafield>
  <datafield tag="653" ind1="1" ind2=" ">
    <subfield code="9">CERN</subfield>
    <subfield code="a">LHC machine</subfield>
  </datafield>
  <datafield tag="653" ind1="1" ind2=" ">
    <subfield code="9">CERN</subfield>
    <subfield code="a">Short Straight Section</subfield>
  </datafield>
  <datafield tag="693" ind1=" " ind2=" ">
    <subfield code="a">CERN LHC</subfield>
  </datafield>
  <datafield tag="856" ind1="4" ind2=" ">
    <subfield code="q">http://documents.cern.ch/cgi-bin/setlink?base=PHO&amp;categ=photo-lhc&amp;id=lhc-pho-1999-585</subfield>
    <subfield code="x">1</subfield>
    <subfield code="y">Access to the pictures</subfield>
  </datafield>
  <datafield tag="856" ind1="4" ind2=" ">
    <subfield code="q">http://documents.cern.ch/photo/photo-lhc/icon-lhc-pho-1999-585.gif</subfield>
    <subfield code="x">icon</subfield>
  </datafield>
  <datafield tag="856" ind1="4" ind2=" ">
    <subfield code="u">http://cds.cern.ch/record/843051/files/lhc-pho-1999-585.jpg</subfield>
    <subfield code="y">Access to the pictures</subfield>
    <subfield code="8">95791</subfield>
    <subfield code="s">335976</subfield>
  </datafield>
  <datafield tag="856" ind1="4" ind2=" ">
    <subfield code="u">http://cds.cern.ch/record/843051/files/lhc-pho-1999-585.gif?subformat=icon</subfield>
    <subfield code="x">icon</subfield>
    <subfield code="8">95791</subfield>
    <subfield code="s">39939</subfield>
  </datafield>
  <datafield tag="856" ind1="4" ind2=" ">
    <subfield code="8">95791</subfield>
    <subfield code="s">291076</subfield>
    <subfield code="u">http://cds.cern.ch/record/843051/files/lhc-pho-1999-585.jpg?subformat=icon-640</subfield>
    <subfield code="x">icon-640</subfield>
  </datafield>
  <datafield tag="856" ind1="4" ind2=" ">
    <subfield code="8">95791</subfield>
    <subfield code="s">425387</subfield>
    <subfield code="u">http://cds.cern.ch/record/843051/files/lhc-pho-1999-585.jpg?subformat=icon-1440</subfield>
    <subfield code="x">icon-1440</subfield>
  </datafield>
  <datafield tag="856" ind1="4" ind2=" ">
    <subfield code="8">95791</subfield>
    <subfield code="s">94472</subfield>
    <subfield code="u">http://cds.cern.ch/record/843051/files/lhc-pho-1999-585.jpg?subformat=icon-180</subfield>
    <subfield code="x">icon-180</subfield>
  </datafield>
  <datafield tag="960" ind1=" " ind2=" ">
    <subfield code="a">87</subfield>
  </datafield>
  <datafield tag="961" ind1=" " ind2=" ">
    <subfield code="c">20050614</subfield>
    <subfield code="h">1726</subfield>
    <subfield code="l">MMD01</subfield>
    <subfield code="x">20050614</subfield>
  </datafield>
  <datafield tag="963" ind1=" " ind2=" ">
    <subfield code="a">PUBLIC</subfield>
  </datafield>
  <datafield tag="970" ind1=" " ind2=" ">
    <subfield code="a">000036831MMD</subfield>
  </datafield>
  <datafield tag="980" ind1=" " ind2=" ">
    <subfield code="a">PHOTOLHCPROJECT</subfield>
  </datafield>
</record>
<record>
  <controlfield tag="001">843052</controlfield>
  <controlfield tag="003">SzGeCERN</controlfield>
  <controlfield tag="005">20241107030435.0</controlfield>
  <datafield tag="024" ind1="8" ind2=" ">
    <subfield code="a">oai:cds.cern.ch:843052</subfield>
    <subfield code="p">cerncds:FULLTEXT</subfield>
    <subfield code="p">INIS</subfield>
  </datafield>
  <datafield tag="037" ind1=" " ind2=" ">
    <subfield code="a">LHC-PHO-1999-586</subfield>
  </datafield>
  <datafield tag="041" ind1=" " ind2=" ">
    <subfield code="a">eng</subfield>
  </datafield>
  <datafield tag="041" ind1=" " ind2=" ">
    <subfield code="a">fre</subfield>
  </datafield>
  <datafield tag="100" ind1=" " ind2=" ">
    <subfield code="a">Serge Dailler</subfield>
  </datafield>
  <datafield tag="245" ind1=" " ind2=" ">
    <subfield code="a">Making of the quadrupole at CEA.</subfield>
  </datafield>
  <datafield tag="246" ind1=" " ind2="1">
    <subfield code="a">Fabrication du quadripole chez CEA.</subfield>
  </datafield>
  <datafield tag="260" ind1=" " ind2=" ">
    <subfield code="c">1999</subfield>
  </datafield>
  <datafield tag="269" ind1=" " ind2=" ">
    <subfield code="c">Sep 1999</subfield>
  </datafield>
  <datafield tag="500" ind1=" " ind2=" ">
    <subfield code="a">AC Collection. Legacy of AC. Pictures from 1992 to 2002.</subfield>
  </datafield>
  <datafield tag="541" ind1=" " ind2=" ">
    <subfield code="e">SQ_MQ_21202 080999 psd</subfield>
  </datafield>
  <datafield tag="542" ind1=" " ind2=" ">
    <subfield code="d">CERN</subfield>
    <subfield code="g">1999</subfield>
  </datafield>
  <datafield tag="650" ind1="1" ind2="7">
    <subfield code="2">SzGeCERN</subfield>
    <subfield code="a">Civil engineering</subfield>
  </datafield>
  <datafield tag="653" ind1="1" ind2=" ">
    <subfield code="9">CERN</subfield>
    <subfield code="a">CEA</subfield>
  </datafield>
  <datafield tag="653" ind1="1" ind2=" ">
    <subfield code="9">CERN</subfield>
    <subfield code="a">Firms &amp; Institutes</subfield>
  </datafield>
  <datafield tag="653" ind1="1" ind2=" ">
    <subfield code="9">CERN</subfield>
    <subfield code="a">LHC machine</subfield>
  </datafield>
  <datafield tag="653" ind1="1" ind2=" ">
    <subfield code="9">CERN</subfield>
    <subfield code="a">Short Straight Section</subfield>
  </datafield>
  <datafield tag="693" ind1=" " ind2=" ">
    <subfield code="a">CERN LHC</subfield>
  </datafield>
  <datafield tag="856" ind1="4" ind2=" ">
    <subfield code="q">http://documents.cern.ch/cgi-bin/setlink?base=PHO&amp;categ=photo-lhc&amp;id=lhc-pho-1999-586</subfield>
    <subfield code="x">1</subfield>
    <subfield code="y">Access to the pictures</subfield>
  </datafield>
  <datafield tag="856" ind1="4" ind2=" ">
    <subfield code="q">http://documents.cern.ch/photo/photo-lhc/icon-lhc-pho-1999-586.gif</subfield>
    <subfield code="x">icon</subfield>
  </datafield>
  <datafield tag="856" ind1="4" ind2=" ">
    <subfield code="u">http://cds.cern.ch/record/843052/files/lhc-pho-1999-586.jpg</subfield>
    <subfield code="y">Access to the pictures</subfield>
    <subfield code="8">95793</subfield>
    <subfield code="s">392832</subfield>
  </datafield>
  <datafield tag="856" ind1="4" ind2=" ">
    <subfield code="u">http://cds.cern.ch/record/843052/files/lhc-pho-1999-586.gif?subformat=icon</subfield>
    <subfield code="x">icon</subfield>
    <subfield code="8">95793</subfield>
    <subfield code="s">49872</subfield>
  </datafield>
  <datafield tag="856" ind1="4" ind2=" ">
    <subfield code="8">95793</subfield>
    <subfield code="s">105180</subfield>
    <subfield code="u">http://cds.cern.ch/record/843052/files/lhc-pho-1999-586.jpg?subformat=icon-180</subfield>
    <subfield code="x">icon-180</subfield>
  </datafield>
  <datafield tag="856" ind1="4" ind2=" ">
    <subfield code="8">95793</subfield>
    <subfield code="s">364945</subfield>
    <subfield code="u">http://cds.cern.ch/record/843052/files/lhc-pho-1999-586.jpg?subformat=icon-640</subfield>
    <subfield code="x">icon-640</subfield>
  </datafield>
  <datafield tag="856" ind1="4" ind2=" ">
    <subfield code="8">95793</subfield>
    <subfield code="s">488155</subfield>
    <subfield code="u">http://cds.cern.ch/record/843052/files/lhc-pho-1999-586.jpg?subformat=icon-1440</subfield>
    <subfield code="x">icon-1440</subfield>
  </datafield>
  <datafield tag="960" ind1=" " ind2=" ">
    <subfield code="a">87</subfield>
  </datafield>
  <datafield tag="961" ind1=" " ind2=" ">
    <subfield code="c">20050614</subfield>
    <subfield code="h">1726</subfield>
    <subfield code="l">MMD01</subfield>
    <subfield code="x">20050614</subfield>
  </datafield>
  <datafield tag="963" ind1=" " ind2=" ">
    <subfield code="a">PUBLIC</subfield>
  </datafield>
  <datafield tag="970" ind1=" " ind2=" ">
    <subfield code="a">000036832MMD</subfield>
  </datafield>
  <datafield tag="980" ind1=" " ind2=" ">
    <subfield code="a">PHOTOLHCPROJECT</subfield>
  </datafield>
</record>
<record>
  <controlfield tag="001">843053</controlfield>
  <controlfield tag="003">SzGeCERN</controlfield>
  <controlfield tag="005">20241107030442.0</controlfield>
  <datafield tag="024" ind1="8" ind2=" ">
    <subfield code="a">oai:cds.cern.ch:843053</subfield>
    <subfield code="p">cerncds:FULLTEXT</subfield>
    <subfield code="p">INIS</subfield>
  </datafield>
  <datafield tag="037" ind1=" " ind2=" ">
    <subfield code="a">LHC-PHO-1999-587</subfield>
  </datafield>
  <datafield tag="041" ind1=" " ind2=" ">
    <subfield code="a">eng</subfield>
  </datafield>
  <datafield tag="041" ind1=" " ind2=" ">
    <subfield code="a">fre</subfield>
  </datafield>
  <datafield tag="100" ind1=" " ind2=" ">
    <subfield code="a">Serge Dailler</subfield>
  </datafield>
  <datafield tag="245" ind1=" " ind2=" ">
    <subfield code="a">Making of the quadrupole at CEA.</subfield>
  </datafield>
  <datafield tag="246" ind1=" " ind2="1">
    <subfield code="a">Fabrication du quadripole chez CEA.</subfield>
  </datafield>
  <datafield tag="260" ind1=" " ind2=" ">
    <subfield code="c">1999</subfield>
  </datafield>
  <datafield tag="269" ind1=" " ind2=" ">
    <subfield code="c">Sep 1999</subfield>
  </datafield>
  <datafield tag="500" ind1=" " ind2=" ">
    <subfield code="a">AC Collection. Legacy of AC. Pictures from 1992 to 2002.</subfield>
  </datafield>
  <datafield tag="541" ind1=" " ind2=" ">
    <subfield code="e">SQ_MQ_21227 080999 psd</subfield>
  </datafield>
  <datafield tag="542" ind1=" " ind2=" ">
    <subfield code="d">CERN</subfield>
    <subfield code="g">1999</subfield>
  </datafield>
  <datafield tag="650" ind1="1" ind2="7">
    <subfield code="2">SzGeCERN</subfield>
    <subfield code="a">Civil engineering</subfield>
  </datafield>
  <datafield tag="653" ind1="1" ind2=" ">
    <subfield code="9">CERN</subfield>
    <subfield code="a">CEA</subfield>
  </datafield>
  <datafield tag="653" ind1="1" ind2=" ">
    <subfield code="9">CERN</subfield>
    <subfield code="a">Firms &amp; Institutes</subfield>
  </datafield>
  <datafield tag="653" ind1="1" ind2=" ">
    <subfield code="9">CERN</subfield>
    <subfield code="a">LHC machine</subfield>
  </datafield>
  <datafield tag="653" ind1="1" ind2=" ">
    <subfield code="9">CERN</subfield>
    <subfield code="a">Short Straight Section</subfield>
  </datafield>
  <datafield tag="693" ind1=" " ind2=" ">
    <subfield code="a">CERN LHC</subfield>
  </datafield>
  <datafield tag="856" ind1="4" ind2=" ">
    <subfield code="q">http://documents.cern.ch/cgi-bin/setlink?base=PHO&amp;categ=photo-lhc&amp;id=lhc-pho-1999-587</subfield>
    <subfield code="x">1</subfield>
    <subfield code="y">Access to the pictures</subfield>
  </datafield>
  <datafield tag="856" ind1="4" ind2=" ">
    <subfield code="q">http://documents.cern.ch/photo/photo-lhc/icon-lhc-pho-1999-587.gif</subfield>
    <subfield code="x">icon</subfield>
  </datafield>
  <datafield tag="856" ind1="4" ind2=" ">
    <subfield code="u">http://cds.cern.ch/record/843053/files/lhc-pho-1999-587.jpg</subfield>
    <subfield code="y">Access to the pictures</subfield>
    <subfield code="8">95795</subfield>
    <subfield code="s">420201</subfield>
  </datafield>
  <datafield tag="856" ind1="4" ind2=" ">
    <subfield code="u">http://cds.cern.ch/record/843053/files/lhc-pho-1999-587.gif?subformat=icon</subfield>
    <subfield code="x">icon</subfield>
    <subfield code="8">95795</subfield>
    <subfield code="s">49801</subfield>
  </datafield>
  <datafield tag="856" ind1="4" ind2=" ">
    <subfield code="8">95795</subfield>
    <subfield code="s">102093</subfield>
    <subfield code="u">http://cds.cern.ch/record/843053/files/lhc-pho-1999-587.jpg?subformat=icon-180</subfield>
    <subfield code="x">icon-180</subfield>
  </datafield>
  <datafield tag="856" ind1="4" ind2=" ">
    <subfield code="8">95795</subfield>
    <subfield code="s">353458</subfield>
    <subfield code="u">http://cds.cern.ch/record/843053/files/lhc-pho-1999-587.jpg?subformat=icon-640</subfield>
    <subfield code="x">icon-640</subfield>
  </datafield>
  <datafield tag="856" ind1="4" ind2=" ">
    <subfield code="8">95795</subfield>
    <subfield code="s">505193</subfield>
    <subfield code="u">http://cds.cern.ch/record/843053/files/lhc-pho-1999-587.jpg?subformat=icon-1440</subfield>
    <subfield code="x">icon-1440</subfield>
  </datafield>
  <datafield tag="960" ind1=" " ind2=" ">
    <subfield code="a">87</subfield>
  </datafield>
  <datafield tag="961" ind1=" " ind2=" ">
    <subfield code="c">20050614</subfield>
    <subfield code="h">1726</subfield>
    <subfield code="l">MMD01</subfield>
    <subfield code="x">20050614</subfield>
  </datafield>
  <datafield tag="963" ind1=" " ind2=" ">
    <subfield code="a">PUBLIC</subfield>
  </datafield>
  <datafield tag="970" ind1=" " ind2=" ">
    <subfield code="a">000036833MMD</subfield>
  </datafield>
  <datafield tag="980" ind1=" " ind2=" ">
    <subfield code="a">PHOTOLHCPROJECT</subfield>
  </datafield>
</record>
<record>
  <controlfield tag="001">843054</controlfield>
  <controlfield tag="003">SzGeCERN</controlfield>
  <controlfield tag="005">20241107030449.0</controlfield>
  <datafield tag="024" ind1="8" ind2=" ">
    <subfield code="a">oai:cds.cern.ch:843054</subfield>
    <subfield code="p">cerncds:FULLTEXT</subfield>
    <subfield code="p">INIS</subfield>
  </datafield>
  <datafield tag="037" ind1=" " ind2=" ">
    <subfield code="a">LHC-PHO-1999-588</subfield>
  </datafield>
  <datafield tag="041" ind1=" " ind2=" ">
    <subfield code="a">eng</subfield>
  </datafield>
  <datafield tag="041" ind1=" " ind2=" ">
    <subfield code="a">fre</subfield>
  </datafield>
  <datafield tag="100" ind1=" " ind2=" ">
    <subfield code="a">Serge Dailler</subfield>
  </datafield>
  <datafield tag="245" ind1=" " ind2=" ">
    <subfield code="a">Making of the quadrupole at CEA.</subfield>
  </datafield>
  <datafield tag="246" ind1=" " ind2="1">
    <subfield code="a">Fabrication du quadripole chez CEA.</subfield>
  </datafield>
  <datafield tag="260" ind1=" " ind2=" ">
    <subfield code="c">1999</subfield>
  </datafield>
  <datafield tag="269" ind1=" " ind2=" ">
    <subfield code="c">Sep 1999</subfield>
  </datafield>
  <datafield tag="500" ind1=" " ind2=" ">
    <subfield code="a">AC Collection. Legacy of AC. Pictures from 1992 to 2002.</subfield>
  </datafield>
  <datafield tag="541" ind1=" " ind2=" ">
    <subfield code="e">SQ_MQ_21231 080999 psd</subfield>
  </datafield>
  <datafield tag="542" ind1=" " ind2=" ">
    <subfield code="d">CERN</subfield>
    <subfield code="g">1999</subfield>
  </datafield>
  <datafield tag="650" ind1="1" ind2="7">
    <subfield code="2">SzGeCERN</subfield>
    <subfield code="a">Civil engineering</subfield>
  </datafield>
  <datafield tag="653" ind1="1" ind2=" ">
    <subfield code="9">CERN</subfield>
    <subfield code="a">CEA</subfield>
  </datafield>
  <datafield tag="653" ind1="1" ind2=" ">
    <subfield code="9">CERN</subfield>
    <subfield code="a">Firms &amp; Institutes</subfield>
  </datafield>
  <datafield tag="653" ind1="1" ind2=" ">
    <subfield code="9">CERN</subfield>
    <subfield code="a">LHC machine</subfield>
  </datafield>
  <datafield tag="653" ind1="1" ind2=" ">
    <subfield code="9">CERN</subfield>
    <subfield code="a">Short Straight Section</subfield>
  </datafield>
  <datafield tag="693" ind1=" " ind2=" ">
    <subfield code="a">CERN LHC</subfield>
  </datafield>
  <datafield tag="856" ind1="4" ind2=" ">
    <subfield code="q">http://documents.cern.ch/cgi-bin/setlink?base=PHO&amp;categ=photo-lhc&amp;id=lhc-pho-1999-588</subfield>
    <subfield code="x">1</subfield>
    <subfield code="y">Access to the pictures</subfield>
  </datafield>
  <datafield tag="856" ind1="4" ind2=" ">
    <subfield code="q">http://documents.cern.ch/photo/photo-lhc/icon-lhc-pho-1999-588.gif</subfield>
    <subfield code="x">icon</subfield>
  </datafield>
  <datafield tag="856" ind1="4" ind2=" ">
    <subfield code="u">http://cds.cern.ch/record/843054/files/lhc-pho-1999-588.jpg</subfield>
    <subfield code="y">Access to the pictures</subfield>
    <subfield code="8">95797</subfield>
    <subfield code="s">421298</subfield>
  </datafield>
  <datafield tag="856" ind1="4" ind2=" ">
    <subfield code="u">http://cds.cern.ch/record/843054/files/lhc-pho-1999-588.gif?subformat=icon</subfield>
    <subfield code="x">icon</subfield>
    <subfield code="8">95797</subfield>
    <subfield code="s">50020</subfield>
  </datafield>
  <datafield tag="856" ind1="4" ind2=" ">
    <subfield code="8">95797</subfield>
    <subfield code="s">103271</subfield>
    <subfield code="u">http://cds.cern.ch/record/843054/files/lhc-pho-1999-588.jpg?subformat=icon-180</subfield>
    <subfield code="x">icon-180</subfield>
  </datafield>
  <datafield tag="856" ind1="4" ind2=" ">
    <subfield code="8">95797</subfield>
    <subfield code="s">385275</subfield>
    <subfield code="u">http://cds.cern.ch/record/843054/files/lhc-pho-1999-588.jpg?subformat=icon-640</subfield>
    <subfield code="x">icon-640</subfield>
  </datafield>
  <datafield tag="856" ind1="4" ind2=" ">
    <subfield code="8">95797</subfield>
    <subfield code="s">514006</subfield>
    <subfield code="u">http://cds.cern.ch/record/843054/files/lhc-pho-1999-588.jpg?subformat=icon-1440</subfield>
    <subfield code="x">icon-1440</subfield>
  </datafield>
  <datafield tag="960" ind1=" " ind2=" ">
    <subfield code="a">87</subfield>
  </datafield>
  <datafield tag="961" ind1=" " ind2=" ">
    <subfield code="c">20050614</subfield>
    <subfield code="h">1726</subfield>
    <subfield code="l">MMD01</subfield>
    <subfield code="x">20050614</subfield>
  </datafield>
  <datafield tag="963" ind1=" " ind2=" ">
    <subfield code="a">PUBLIC</subfield>
  </datafield>
  <datafield tag="970" ind1=" " ind2=" ">
    <subfield code="a">000036834MMD</subfield>
  </datafield>
  <datafield tag="980" ind1=" " ind2=" ">
    <subfield code="a">PHOTOLHCPROJECT</subfield>
  </datafield>
</record>
<record>
  <controlfield tag="001">843055</controlfield>
  <controlfield tag="003">SzGeCERN</controlfield>
  <controlfield tag="005">20241107030457.0</controlfield>
  <datafield tag="024" ind1="8" ind2=" ">
    <subfield code="a">oai:cds.cern.ch:843055</subfield>
    <subfield code="p">cerncds:FULLTEXT</subfield>
    <subfield code="p">INIS</subfield>
  </datafield>
  <datafield tag="037" ind1=" " ind2=" ">
    <subfield code="a">LHC-PHO-1999-589</subfield>
  </datafield>
  <datafield tag="041" ind1=" " ind2=" ">
    <subfield code="a">eng</subfield>
  </datafield>
  <datafield tag="041" ind1=" " ind2=" ">
    <subfield code="a">fre</subfield>
  </datafield>
  <datafield tag="100" ind1=" " ind2=" ">
    <subfield code="a">Serge Dailler</subfield>
  </datafield>
  <datafield tag="245" ind1=" " ind2=" ">
    <subfield code="a">Making of the quadrupole at CEA.</subfield>
  </datafield>
  <datafield tag="246" ind1=" " ind2="1">
    <subfield code="a">Fabrication du quadripole chez CEA.</subfield>
  </datafield>
  <datafield tag="260" ind1=" " ind2=" ">
    <subfield code="c">1999</subfield>
  </datafield>
  <datafield tag="269" ind1=" " ind2=" ">
    <subfield code="c">Sep 1999</subfield>
  </datafield>
  <datafield tag="500" ind1=" " ind2=" ">
    <subfield code="a">AC Collection. Legacy of AC. Pictures from 1992 to 2002.</subfield>
  </datafield>
  <datafield tag="541" ind1=" " ind2=" ">
    <subfield code="e">SQ_MQ_21234 080999 psd</subfield>
  </datafield>
  <datafield tag="542" ind1=" " ind2=" ">
    <subfield code="d">CERN</subfield>
    <subfield code="g">1999</subfield>
  </datafield>
  <datafield tag="650" ind1="1" ind2="7">
    <subfield code="2">SzGeCERN</subfield>
    <subfield code="a">Civil engineering</subfield>
  </datafield>
  <datafield tag="653" ind1="1" ind2=" ">
    <subfield code="9">CERN</subfield>
    <subfield code="a">CEA</subfield>
  </datafield>
  <datafield tag="653" ind1="1" ind2=" ">
    <subfield code="9">CERN</subfield>
    <subfield code="a">Firms &amp; Institutes</subfield>
  </datafield>
  <datafield tag="653" ind1="1" ind2=" ">
    <subfield code="9">CERN</subfield>
    <subfield code="a">LHC machine</subfield>
  </datafield>
  <datafield tag="653" ind1="1" ind2=" ">
    <subfield code="9">CERN</subfield>
    <subfield code="a">Short Straight Section</subfield>
  </datafield>
  <datafield tag="693" ind1=" " ind2=" ">
    <subfield code="a">CERN LHC</subfield>
  </datafield>
  <datafield tag="856" ind1="4" ind2=" ">
    <subfield code="q">http://documents.cern.ch/cgi-bin/setlink?base=PHO&amp;categ=photo-lhc&amp;id=lhc-pho-1999-589</subfield>
    <subfield code="x">1</subfield>
    <subfield code="y">Access to the pictures</subfield>
  </datafield>
  <datafield tag="856" ind1="4" ind2=" ">
    <subfield code="q">http://documents.cern.ch/photo/photo-lhc/icon-lhc-pho-1999-589.gif</subfield>
    <subfield code="x">icon</subfield>
  </datafield>
  <datafield tag="856" ind1="4" ind2=" ">
    <subfield code="u">http://cds.cern.ch/record/843055/files/lhc-pho-1999-589.jpg</subfield>
    <subfield code="y">Access to the pictures</subfield>
    <subfield code="8">95799</subfield>
    <subfield code="s">353006</subfield>
  </datafield>
  <datafield tag="856" ind1="4" ind2=" ">
    <subfield code="u">http://cds.cern.ch/record/843055/files/lhc-pho-1999-589.gif?subformat=icon</subfield>
    <subfield code="x">icon</subfield>
    <subfield code="8">95799</subfield>
    <subfield code="s">29051</subfield>
  </datafield>
  <datafield tag="856" ind1="4" ind2=" ">
    <subfield code="8">95799</subfield>
    <subfield code="s">216389</subfield>
    <subfield code="u">http://cds.cern.ch/record/843055/files/lhc-pho-1999-589.jpg?subformat=icon-640</subfield>
    <subfield code="x">icon-640</subfield>
  </datafield>
  <datafield tag="856" ind1="4" ind2=" ">
    <subfield code="8">95799</subfield>
    <subfield code="s">447148</subfield>
    <subfield code="u">http://cds.cern.ch/record/843055/files/lhc-pho-1999-589.jpg?subformat=icon-1440</subfield>
    <subfield code="x">icon-1440</subfield>
  </datafield>
  <datafield tag="856" ind1="4" ind2=" ">
    <subfield code="8">95799</subfield>
    <subfield code="s">88722</subfield>
    <subfield code="u">http://cds.cern.ch/record/843055/files/lhc-pho-1999-589.jpg?subformat=icon-180</subfield>
    <subfield code="x">icon-180</subfield>
  </datafield>
  <datafield tag="960" ind1=" " ind2=" ">
    <subfield code="a">87</subfield>
  </datafield>
  <datafield tag="961" ind1=" " ind2=" ">
    <subfield code="c">20050614</subfield>
    <subfield code="h">1726</subfield>
    <subfield code="l">MMD01</subfield>
    <subfield code="x">20050614</subfield>
  </datafield>
  <datafield tag="963" ind1=" " ind2=" ">
    <subfield code="a">PUBLIC</subfield>
  </datafield>
  <datafield tag="970" ind1=" " ind2=" ">
    <subfield code="a">000036835MMD</subfield>
  </datafield>
  <datafield tag="980" ind1=" " ind2=" ">
    <subfield code="a">PHOTOLHCPROJECT</subfield>
  </datafield>
</record>
<record>
  <controlfield tag="001">843056</controlfield>
  <controlfield tag="003">SzGeCERN</controlfield>
  <controlfield tag="005">20241107030503.0</controlfield>
  <datafield tag="024" ind1="8" ind2=" ">
    <subfield code="a">oai:cds.cern.ch:843056</subfield>
    <subfield code="p">cerncds:FULLTEXT</subfield>
    <subfield code="p">INIS</subfield>
  </datafield>
  <datafield tag="037" ind1=" " ind2=" ">
    <subfield code="a">LHC-PHO-1999-590</subfield>
  </datafield>
  <datafield tag="041" ind1=" " ind2=" ">
    <subfield code="a">eng</subfield>
  </datafield>
  <datafield tag="041" ind1=" " ind2=" ">
    <subfield code="a">fre</subfield>
  </datafield>
  <datafield tag="100" ind1=" " ind2=" ">
    <subfield code="a">Serge Dailler</subfield>
  </datafield>
  <datafield tag="245" ind1=" " ind2=" ">
    <subfield code="a">Making of the quadrupole at CEA.</subfield>
  </datafield>
  <datafield tag="246" ind1=" " ind2="1">
    <subfield code="a">Fabrication du quadripole chez CEA.</subfield>
  </datafield>
  <datafield tag="260" ind1=" " ind2=" ">
    <subfield code="c">1999</subfield>
  </datafield>
  <datafield tag="269" ind1=" " ind2=" ">
    <subfield code="c">Sep 1999</subfield>
  </datafield>
  <datafield tag="500" ind1=" " ind2=" ">
    <subfield code="a">AC Collection. Legacy of AC. Pictures from 1992 to 2002.</subfield>
  </datafield>
  <datafield tag="541" ind1=" " ind2=" ">
    <subfield code="e">SQ_MQ_21237 080999 psd</subfield>
  </datafield>
  <datafield tag="542" ind1=" " ind2=" ">
    <subfield code="d">CERN</subfield>
    <subfield code="g">1999</subfield>
  </datafield>
  <datafield tag="650" ind1="1" ind2="7">
    <subfield code="2">SzGeCERN</subfield>
    <subfield code="a">Civil engineering</subfield>
  </datafield>
  <datafield tag="653" ind1="1" ind2=" ">
    <subfield code="9">CERN</subfield>
    <subfield code="a">CEA</subfield>
  </datafield>
  <datafield tag="653" ind1="1" ind2=" ">
    <subfield code="9">CERN</subfield>
    <subfield code="a">Firms &amp; Institutes</subfield>
  </datafield>
  <datafield tag="653" ind1="1" ind2=" ">
    <subfield code="9">CERN</subfield>
    <subfield code="a">LHC machine</subfield>
  </datafield>
  <datafield tag="653" ind1="1" ind2=" ">
    <subfield code="9">CERN</subfield>
    <subfield code="a">Short Straight Section</subfield>
  </datafield>
  <datafield tag="693" ind1=" " ind2=" ">
    <subfield code="a">CERN LHC</subfield>
  </datafield>
  <datafield tag="856" ind1="4" ind2=" ">
    <subfield code="q">http://documents.cern.ch/cgi-bin/setlink?base=PHO&amp;categ=photo-lhc&amp;id=lhc-pho-1999-590</subfield>
    <subfield code="x">1</subfield>
    <subfield code="y">Access to the pictures</subfield>
  </datafield>
  <datafield tag="856" ind1="4" ind2=" ">
    <subfield code="q">http://documents.cern.ch/photo/photo-lhc/icon-lhc-pho-1999-590.gif</subfield>
    <subfield code="x">icon</subfield>
  </datafield>
  <datafield tag="856" ind1="4" ind2=" ">
    <subfield code="u">http://cds.cern.ch/record/843056/files/lhc-pho-1999-590.jpg</subfield>
    <subfield code="y">Access to the pictures</subfield>
    <subfield code="8">95801</subfield>
    <subfield code="s">356613</subfield>
  </datafield>
  <datafield tag="856" ind1="4" ind2=" ">
    <subfield code="u">http://cds.cern.ch/record/843056/files/lhc-pho-1999-590.gif?subformat=icon</subfield>
    <subfield code="x">icon</subfield>
    <subfield code="8">95801</subfield>
    <subfield code="s">28717</subfield>
  </datafield>
  <datafield tag="856" ind1="4" ind2=" ">
    <subfield code="8">95801</subfield>
    <subfield code="s">205147</subfield>
    <subfield code="u">http://cds.cern.ch/record/843056/files/lhc-pho-1999-590.jpg?subformat=icon-640</subfield>
    <subfield code="x">icon-640</subfield>
  </datafield>
  <datafield tag="856" ind1="4" ind2=" ">
    <subfield code="8">95801</subfield>
    <subfield code="s">440247</subfield>
    <subfield code="u">http://cds.cern.ch/record/843056/files/lhc-pho-1999-590.jpg?subformat=icon-1440</subfield>
    <subfield code="x">icon-1440</subfield>
  </datafield>
  <datafield tag="856" ind1="4" ind2=" ">
    <subfield code="8">95801</subfield>
    <subfield code="s">86180</subfield>
    <subfield code="u">http://cds.cern.ch/record/843056/files/lhc-pho-1999-590.jpg?subformat=icon-180</subfield>
    <subfield code="x">icon-180</subfield>
  </datafield>
  <datafield tag="960" ind1=" " ind2=" ">
    <subfield code="a">87</subfield>
  </datafield>
  <datafield tag="961" ind1=" " ind2=" ">
    <subfield code="c">20050614</subfield>
    <subfield code="h">1726</subfield>
    <subfield code="l">MMD01</subfield>
    <subfield code="x">20050614</subfield>
  </datafield>
  <datafield tag="963" ind1=" " ind2=" ">
    <subfield code="a">PUBLIC</subfield>
  </datafield>
  <datafield tag="970" ind1=" " ind2=" ">
    <subfield code="a">000036836MMD</subfield>
  </datafield>
  <datafield tag="980" ind1=" " ind2=" ">
    <subfield code="a">PHOTOLHCPROJECT</subfield>
  </datafield>
</record>
<record>
  <controlfield tag="001">843057</controlfield>
  <controlfield tag="003">SzGeCERN</controlfield>
  <controlfield tag="005">20241107031549.0</controlfield>
  <datafield tag="024" ind1="8" ind2=" ">
    <subfield code="a">oai:cds.cern.ch:843057</subfield>
    <subfield code="p">cerncds:FULLTEXT</subfield>
    <subfield code="p">INIS</subfield>
  </datafield>
  <datafield tag="037" ind1=" " ind2=" ">
    <subfield code="a">LHC-PHO-1999-591</subfield>
  </datafield>
  <datafield tag="041" ind1=" " ind2=" ">
    <subfield code="a">eng</subfield>
  </datafield>
  <datafield tag="041" ind1=" " ind2=" ">
    <subfield code="a">fre</subfield>
  </datafield>
  <datafield tag="100" ind1=" " ind2=" ">
    <subfield code="a">Serge Dailler</subfield>
  </datafield>
  <datafield tag="245" ind1=" " ind2=" ">
    <subfield code="a">Making of the quadrupole at CEA.</subfield>
  </datafield>
  <datafield tag="246" ind1=" " ind2="1">
    <subfield code="a">Fabrication du quadripole chez CEA.</subfield>
  </datafield>
  <datafield tag="260" ind1=" " ind2=" ">
    <subfield code="c">1999</subfield>
  </datafield>
  <datafield tag="269" ind1=" " ind2=" ">
    <subfield code="c">Sep 1999</subfield>
  </datafield>
  <datafield tag="500" ind1=" " ind2=" ">
    <subfield code="a">AC Collection. Legacy of AC. Pictures from 1992 to 2002.</subfield>
  </datafield>
  <datafield tag="541" ind1=" " ind2=" ">
    <subfield code="e">SQ_MQ_21263 080999 psd</subfield>
  </datafield>
  <datafield tag="542" ind1=" " ind2=" ">
    <subfield code="d">CERN</subfield>
    <subfield code="g">1999</subfield>
  </datafield>
  <datafield tag="650" ind1="1" ind2="7">
    <subfield code="2">SzGeCERN</subfield>
    <subfield code="a">Civil engineering</subfield>
  </datafield>
  <datafield tag="653" ind1="1" ind2=" ">
    <subfield code="9">CERN</subfield>
    <subfield code="a">CEA</subfield>
  </datafield>
  <datafield tag="653" ind1="1" ind2=" ">
    <subfield code="9">CERN</subfield>
    <subfield code="a">Firms &amp; Institutes</subfield>
  </datafield>
  <datafield tag="653" ind1="1" ind2=" ">
    <subfield code="9">CERN</subfield>
    <subfield code="a">LHC machine</subfield>
  </datafield>
  <datafield tag="653" ind1="1" ind2=" ">
    <subfield code="9">CERN</subfield>
    <subfield code="a">Short Straight Section</subfield>
  </datafield>
  <datafield tag="693" ind1=" " ind2=" ">
    <subfield code="a">CERN LHC</subfield>
  </datafield>
  <datafield tag="856" ind1="4" ind2=" ">
    <subfield code="q">http://documents.cern.ch/cgi-bin/setlink?base=PHO&amp;categ=photo-lhc&amp;id=lhc-pho-1999-591</subfield>
    <subfield code="x">1</subfield>
    <subfield code="y">Access to the pictures</subfield>
  </datafield>
  <datafield tag="856" ind1="4" ind2=" ">
    <subfield code="q">http://documents.cern.ch/photo/photo-lhc/icon-lhc-pho-1999-591.gif</subfield>
    <subfield code="x">icon</subfield>
  </datafield>
  <datafield tag="856" ind1="4" ind2=" ">
    <subfield code="u">http://cds.cern.ch/record/843057/files/lhc-pho-1999-591.jpg</subfield>
    <subfield code="y">Access to the pictures</subfield>
    <subfield code="8">95803</subfield>
    <subfield code="s">396529</subfield>
  </datafield>
  <datafield tag="856" ind1="4" ind2=" ">
    <subfield code="u">http://cds.cern.ch/record/843057/files/lhc-pho-1999-591.gif?subformat=icon</subfield>
    <subfield code="x">icon</subfield>
    <subfield code="8">95803</subfield>
    <subfield code="s">28376</subfield>
  </datafield>
  <datafield tag="856" ind1="4" ind2=" ">
    <subfield code="8">95803</subfield>
    <subfield code="s">229449</subfield>
    <subfield code="u">http://cds.cern.ch/record/843057/files/lhc-pho-1999-591.jpg?subformat=icon-640</subfield>
    <subfield code="x">icon-640</subfield>
  </datafield>
  <datafield tag="856" ind1="4" ind2=" ">
    <subfield code="8">95803</subfield>
    <subfield code="s">487725</subfield>
    <subfield code="u">http://cds.cern.ch/record/843057/files/lhc-pho-1999-591.jpg?subformat=icon-1440</subfield>
    <subfield code="x">icon-1440</subfield>
  </datafield>
  <datafield tag="856" ind1="4" ind2=" ">
    <subfield code="8">95803</subfield>
    <subfield code="s">87431</subfield>
    <subfield code="u">http://cds.cern.ch/record/843057/files/lhc-pho-1999-591.jpg?subformat=icon-180</subfield>
    <subfield code="x">icon-180</subfield>
  </datafield>
  <datafield tag="960" ind1=" " ind2=" ">
    <subfield code="a">87</subfield>
  </datafield>
  <datafield tag="961" ind1=" " ind2=" ">
    <subfield code="c">20050614</subfield>
    <subfield code="h">1726</subfield>
    <subfield code="l">MMD01</subfield>
    <subfield code="x">20050614</subfield>
  </datafield>
  <datafield tag="963" ind1=" " ind2=" ">
    <subfield code="a">PUBLIC</subfield>
  </datafield>
  <datafield tag="970" ind1=" " ind2=" ">
    <subfield code="a">000036837MMD</subfield>
  </datafield>
  <datafield tag="980" ind1=" " ind2=" ">
    <subfield code="a">PHOTOLHCPROJECT</subfield>
  </datafield>
</record>
<record>
  <controlfield tag="001">40918</controlfield>
  <controlfield tag="003">SzGeCERN</controlfield>
  <controlfield tag="005">20241120162731.0</controlfield>
  <datafield tag="024" ind1="8" ind2=" ">
    <subfield code="a">oai:cds.cern.ch:40918</subfield>
    <subfield code="p">cerncds:FULLTEXT</subfield>
  </datafield>
  <datafield tag="035" ind1=" " ind2=" ">
    <subfield code="9">PHOPHO</subfield>
    <subfield code="a">0002170</subfield>
  </datafield>
  <datafield tag="037" ind1=" " ind2=" ">
    <subfield code="a">CERN-AC-0001016</subfield>
  </datafield>
  <datafield tag="100" ind1=" " ind2=" ">
    <subfield code="a">Laurent Guiraud</subfield>
  </datafield>
  <datafield tag="260" ind1=" " ind2=" ">
    <subfield code="c">2000</subfield>
  </datafield>
  <datafield tag="269" ind1=" " ind2=" ">
    <subfield code="c">Jan 2000</subfield>
  </datafield>
  <datafield tag="340" ind1=" " ind2=" ">
    <subfield code="a">FILM</subfield>
  </datafield>
  <datafield tag="650" ind1="1" ind2="7">
    <subfield code="2">SzGeCERN</subfield>
    <subfield code="a">Accelerators</subfield>
  </datafield>
  <datafield tag="653" ind1="1" ind2=" ">
    <subfield code="9">CERN</subfield>
    <subfield code="a">Large Hadron Collider</subfield>
  </datafield>
  <datafield tag="653" ind1="1" ind2=" ">
    <subfield code="9">CERN</subfield>
    <subfield code="a">LHC</subfield>
  </datafield>
  <datafield tag="653" ind1="1" ind2=" ">
    <subfield code="9">CERN</subfield>
    <subfield code="a">Magnet</subfield>
  </datafield>
  <datafield tag="653" ind1="1" ind2=" ">
    <subfield code="9">CERN</subfield>
    <subfield code="a">Quadrupole</subfield>
  </datafield>
  <datafield tag="653" ind1="1" ind2=" ">
    <subfield code="9">CERN</subfield>
    <subfield code="a">Superconducting</subfield>
  </datafield>
  <datafield tag="773" ind1=" " ind2=" ">
    <subfield code="p">United Kingdom Outreach : Picture of the week 1 March 2000</subfield>
    <subfield code="u">http://hepweb.rl.ac.uk/ppukpics/POW/pr_000301.html</subfield>
  </datafield>
  <datafield tag="773" ind1=" " ind2=" ">
    <subfield code="e">2614730</subfield>
    <subfield code="p">Related album</subfield>
  </datafield>
  <datafield tag="859" ind1=" " ind2=" ">
    <subfield code="f">michel.bouvier@cern.ch</subfield>
  </datafield>
  <datafield tag="916" ind1=" " ind2=" ">
    <subfield code="s">n</subfield>
    <subfield code="w">200319</subfield>
  </datafield>
  <datafield tag="923" ind1=" " ind2=" ">
    <subfield code="r">Bouvier, M</subfield>
  </datafield>
  <datafield tag="923" ind1=" " ind2=" ">
    <subfield code="p">Studio</subfield>
  </datafield>
  <datafield tag="960" ind1=" " ind2=" ">
    <subfield code="a">81</subfield>
  </datafield>
  <datafield tag="961" ind1=" " ind2=" ">
    <subfield code="c">20040210</subfield>
    <subfield code="h">1053</subfield>
    <subfield code="l">MMD01</subfield>
    <subfield code="x">20000128</subfield>
  </datafield>
  <datafield tag="963" ind1=" " ind2=" ">
    <subfield code="a">PUBLIC</subfield>
  </datafield>
  <datafield tag="980" ind1=" " ind2=" ">
    <subfield code="a">PHOTOLAB</subfield>
  </datafield>
  <datafield tag="970" ind1=" " ind2=" ">
    <subfield code="a">000002170MMD</subfield>
  </datafield>
  <datafield tag="245" ind1=" " ind2=" ">
    <subfield code="a">Model of an LHC superconducting quadrupole magnet</subfield>
  </datafield>
  <datafield tag="246" ind1=" " ind2="1">
    <subfield code="a">Aimant quadripôle supraconducteur</subfield>
  </datafield>
  <datafield tag="590" ind1=" " ind2=" ">
    <subfield code="a">Modèle d'un aimant quadripôle supraconducteur pour le projet LHC. Ces aimants  sont utilisés pour concentrer le faisceau de particule, tout comme une lentille concentre la lumière. Chaque aimant concentre le faisceau dans une direction, donc différents aimants sont alternés pour concentrer le faisceau.</subfield>
  </datafield>
  <datafield tag="520" ind1=" " ind2=" ">
    <subfield code="a">Model of a superconducting quadrupole magnet for the LHC project. These magnets are used to focus the beam by squeezing it into a smaller cross-section, a similar effect to a lens focusing light. However, each magnet only focuses the beam in one direction so alternating magnet arrangements are required to produce a fully focused beam.</subfield>
  </datafield>
  <datafield tag="542" ind1=" " ind2=" ">
    <subfield code="d">CERN</subfield>
    <subfield code="g">2000</subfield>
  </datafield>
  <datafield tag="595" ind1=" " ind2=" ">
    <subfield code="a">Press</subfield>
    <subfield code="s">Accelerators</subfield>
  </datafield>
  <datafield tag="595" ind1=" " ind2=" ">
    <subfield code="a">Press</subfield>
    <subfield code="s">Press Photos</subfield>
  </datafield>
  <datafield tag="595" ind1=" " ind2=" ">
    <subfield code="a">Press</subfield>
    <subfield code="s">Magnet</subfield>
  </datafield>
  <datafield tag="856" ind1="4" ind2=" ">
    <subfield code="q">http://preprints.cern.ch/photo/photo-ac/0001016_10.gif</subfield>
    <subfield code="x">icon</subfield>
  </datafield>
  <datafield tag="856" ind1="4" ind2=" ">
    <subfield code="q">http://preprints.cern.ch/cgi-bin/setlink?base=PHO&amp;categ=photo-ac&amp;id=0001016</subfield>
    <subfield code="x">1</subfield>
    <subfield code="y">Access to the pictures</subfield>
  </datafield>
  <datafield tag="856" ind1="4" ind2=" ">
    <subfield code="8">2565941</subfield>
    <subfield code="s">5496700</subfield>
    <subfield code="u">http://cds.cern.ch/record/40918/files/0001016_08.JPG</subfield>
    <subfield code="z">CDSINTERNAL|MediaArchive|Migrated from: \\cern.ch\dfs\Services\MediaArchive\Photo\Masters\2000\0001016\0001016_08.JPG</subfield>
  </datafield>
  <datafield tag="856" ind1="4" ind2=" ">
    <subfield code="8">2565942</subfield>
    <subfield code="s">5715725</subfield>
    <subfield code="u">http://cds.cern.ch/record/40918/files/0001016_01.jpg</subfield>
    <subfield code="z">CDSINTERNAL|MediaArchive|Migrated from: \\cern.ch\dfs\Services\MediaArchive\Photo\Masters\2000\0001016\0001016_01.jpg</subfield>
  </datafield>
  <datafield tag="856" ind1="4" ind2=" ">
    <subfield code="8">2565943</subfield>
    <subfield code="s">6116410</subfield>
    <subfield code="u">http://cds.cern.ch/record/40918/files/0001016_10.JPG</subfield>
    <subfield code="z">CDSINTERNAL|MediaArchive|Migrated from: \\cern.ch\dfs\Services\MediaArchive\Photo\Masters\2000\0001016\0001016_10.JPG</subfield>
  </datafield>
  <datafield tag="856" ind1="4" ind2=" ">
    <subfield code="8">2565944</subfield>
    <subfield code="s">8541140</subfield>
    <subfield code="u">http://cds.cern.ch/record/40918/files/0001016_05.JPG</subfield>
    <subfield code="z">CDSINTERNAL|MediaArchive|Migrated from: \\cern.ch\dfs\Services\MediaArchive\Photo\Masters\2000\0001016\0001016_05.JPG</subfield>
  </datafield>
  <datafield tag="856" ind1="4" ind2=" ">
    <subfield code="8">2565941</subfield>
    <subfield code="s">108207</subfield>
    <subfield code="u">http://cds.cern.ch/record/40918/files/0001016_08.jpg?subformat=icon-1440</subfield>
    <subfield code="x">icon-1440</subfield>
    <subfield code="z">CDSINTERNAL|MediaArchive|Migrated from: http://mediaarchive.cern.ch/MediaArchive/Photo/Public/2000/0001016/0001016_08/0001016_08-A4-at-144-dpi.jpg</subfield>
  </datafield>
  <datafield tag="856" ind1="4" ind2=" ">
    <subfield code="8">2565941</subfield>
    <subfield code="s">19149</subfield>
    <subfield code="u">http://cds.cern.ch/record/40918/files/0001016_08.jpg?subformat=icon-720</subfield>
    <subfield code="x">icon-720</subfield>
    <subfield code="z">CDSINTERNAL|MediaArchive|Migrated from: http://mediaarchive.cern.ch/MediaArchive/Photo/Public/2000/0001016/0001016_08/0001016_08-A5-at-72-dpi.jpg</subfield>
  </datafield>
  <datafield tag="856" ind1="4" ind2=" ">
    <subfield code="8">2565941</subfield>
    <subfield code="s">3480</subfield>
    <subfield code="u">http://cds.cern.ch/record/40918/files/0001016_08.jpg?subformat=icon-180</subfield>
    <subfield code="x">icon-180</subfield>
    <subfield code="z">CDSINTERNAL|MediaArchive|Migrated from: http://mediaarchive.cern.ch/MediaArchive/Photo/Public/2000/0001016/0001016_08/0001016_08-Icon.jpg</subfield>
  </datafield>
  <datafield tag="856" ind1="4" ind2=" ">
    <subfield code="8">2565942</subfield>
    <subfield code="s">156040</subfield>
    <subfield code="u">http://cds.cern.ch/record/40918/files/0001016_01.jpg?subformat=icon-1440</subfield>
    <subfield code="x">icon-1440</subfield>
    <subfield code="z">CDSINTERNAL|MediaArchive|Migrated from: http://mediaarchive.cern.ch/MediaArchive/Photo/Public/2000/0001016/0001016_01/0001016_01-A4-at-144-dpi.jpg</subfield>
  </datafield>
  <datafield tag="856" ind1="4" ind2=" ">
    <subfield code="8">2565942</subfield>
    <subfield code="s">29508</subfield>
    <subfield code="u">http://cds.cern.ch/record/40918/files/0001016_01.jpg?subformat=icon-720</subfield>
    <subfield code="x">icon-720</subfield>
    <subfield code="z">CDSINTERNAL|MediaArchive|Migrated from: http://mediaarchive.cern.ch/MediaArchive/Photo/Public/2000/0001016/0001016_01/0001016_01-A5-at-72-dpi.jpg</subfield>
  </datafield>
  <datafield tag="856" ind1="4" ind2=" ">
    <subfield code="8">2565942</subfield>
    <subfield code="s">5886</subfield>
    <subfield code="u">http://cds.cern.ch/record/40918/files/0001016_01.jpg?subformat=icon-180</subfield>
    <subfield code="x">icon-180</subfield>
    <subfield code="z">CDSINTERNAL|MediaArchive|Migrated from: http://mediaarchive.cern.ch/MediaArchive/Photo/Public/2000/0001016/0001016_01/0001016_01-Icon.jpg</subfield>
  </datafield>
  <datafield tag="856" ind1="4" ind2=" ">
    <subfield code="8">2565943</subfield>
    <subfield code="s">128984</subfield>
    <subfield code="u">http://cds.cern.ch/record/40918/files/0001016_10.jpg?subformat=icon-1440</subfield>
    <subfield code="x">icon-1440</subfield>
    <subfield code="z">CDSINTERNAL|MediaArchive|Migrated from: http://mediaarchive.cern.ch/MediaArchive/Photo/Public/2000/0001016/0001016_10/0001016_10-A4-at-144-dpi.jpg</subfield>
  </datafield>
  <datafield tag="856" ind1="4" ind2=" ">
    <subfield code="8">2565943</subfield>
    <subfield code="s">23362</subfield>
    <subfield code="u">http://cds.cern.ch/record/40918/files/0001016_10.jpg?subformat=icon-720</subfield>
    <subfield code="x">icon-720</subfield>
    <subfield code="z">CDSINTERNAL|MediaArchive|Migrated from: http://mediaarchive.cern.ch/MediaArchive/Photo/Public/2000/0001016/0001016_10/0001016_10-A5-at-72-dpi.jpg</subfield>
  </datafield>
  <datafield tag="856" ind1="4" ind2=" ">
    <subfield code="8">2565943</subfield>
    <subfield code="s">4692</subfield>
    <subfield code="u">http://cds.cern.ch/record/40918/files/0001016_10.jpg?subformat=icon-180</subfield>
    <subfield code="x">icon-180</subfield>
    <subfield code="z">CDSINTERNAL|MediaArchive|Migrated from: http://mediaarchive.cern.ch/MediaArchive/Photo/Public/2000/0001016/0001016_10/0001016_10-Icon.jpg</subfield>
  </datafield>
  <datafield tag="856" ind1="4" ind2=" ">
    <subfield code="8">2565944</subfield>
    <subfield code="s">224269</subfield>
    <subfield code="u">http://cds.cern.ch/record/40918/files/0001016_05.jpg?subformat=icon-1440</subfield>
    <subfield code="x">icon-1440</subfield>
    <subfield code="z">CDSINTERNAL|MediaArchive|Migrated from: http://mediaarchive.cern.ch/MediaArchive/Photo/Public/2000/0001016/0001016_05/0001016_05-A4-at-144-dpi.jpg</subfield>
  </datafield>
  <datafield tag="856" ind1="4" ind2=" ">
    <subfield code="8">2565944</subfield>
    <subfield code="s">34703</subfield>
    <subfield code="u">http://cds.cern.ch/record/40918/files/0001016_05.jpg?subformat=icon-720</subfield>
    <subfield code="x">icon-720</subfield>
    <subfield code="z">CDSINTERNAL|MediaArchive|Migrated from: http://mediaarchive.cern.ch/MediaArchive/Photo/Public/2000/0001016/0001016_05/0001016_05-A5-at-72-dpi.jpg</subfield>
  </datafield>
  <datafield tag="856" ind1="4" ind2=" ">
    <subfield code="8">2565944</subfield>
    <subfield code="s">6190</subfield>
    <subfield code="u">http://cds.cern.ch/record/40918/files/0001016_05.jpg?subformat=icon-180</subfield>
    <subfield code="x">icon-180</subfield>
    <subfield code="z">CDSINTERNAL|MediaArchive|Migrated from: http://mediaarchive.cern.ch/MediaArchive/Photo/Public/2000/0001016/0001016_05/0001016_05-Icon.jpg</subfield>
  </datafield>
</record>
<record>
  <controlfield tag="001">41144</controlfield>
  <controlfield tag="003">SzGeCERN</controlfield>
  <controlfield tag="005">20241120145923.0</controlfield>
  <datafield tag="024" ind1="8" ind2=" ">
    <subfield code="a">oai:cds.cern.ch:41144</subfield>
    <subfield code="p">cerncds:FULLTEXT</subfield>
  </datafield>
  <datafield tag="035" ind1=" " ind2=" ">
    <subfield code="9">PHOPHO</subfield>
    <subfield code="a">0002408</subfield>
  </datafield>
  <datafield tag="037" ind1=" " ind2=" ">
    <subfield code="a">CERN-AC-0003011</subfield>
  </datafield>
  <datafield tag="100" ind1=" " ind2=" ">
    <subfield code="a">Laurent Guiraud</subfield>
  </datafield>
  <datafield tag="245" ind1=" " ind2=" ">
    <subfield code="a">Test benches for LHC: short straight section (quadrupole) in SM18</subfield>
  </datafield>
  <datafield tag="246" ind1=" " ind2="1">
    <subfield code="a">Banc de mesures pour aimants LHC : section droite courte (quadrupole) au SM18</subfield>
  </datafield>
  <datafield tag="260" ind1=" " ind2=" ">
    <subfield code="c">2000</subfield>
  </datafield>
  <datafield tag="269" ind1=" " ind2=" ">
    <subfield code="c">14 Mar 2000</subfield>
  </datafield>
  <datafield tag="340" ind1=" " ind2=" ">
    <subfield code="a">FILM</subfield>
  </datafield>
  <datafield tag="542" ind1=" " ind2=" ">
    <subfield code="d">CERN</subfield>
    <subfield code="g">2000</subfield>
  </datafield>
  <datafield tag="595" ind1=" " ind2=" ">
    <subfield code="a">CERN EDS</subfield>
  </datafield>
  <datafield tag="650" ind1="1" ind2="7">
    <subfield code="2">SzGeCERN</subfield>
    <subfield code="a">Accelerators</subfield>
  </datafield>
  <datafield tag="653" ind1="1" ind2=" ">
    <subfield code="9">CERN</subfield>
    <subfield code="a">LHC</subfield>
  </datafield>
  <datafield tag="859" ind1=" " ind2=" ">
    <subfield code="f">photo.lab.@cern.ch</subfield>
  </datafield>
  <datafield tag="916" ind1=" " ind2=" ">
    <subfield code="s">n</subfield>
    <subfield code="w">200319</subfield>
  </datafield>
  <datafield tag="923" ind1=" " ind2=" ">
    <subfield code="r">Photographic Service</subfield>
  </datafield>
  <datafield tag="923" ind1=" " ind2=" ">
    <subfield code="p">SM18</subfield>
  </datafield>
  <datafield tag="960" ind1=" " ind2=" ">
    <subfield code="a">81</subfield>
  </datafield>
  <datafield tag="961" ind1=" " ind2=" ">
    <subfield code="c">20040210</subfield>
    <subfield code="h">1053</subfield>
    <subfield code="l">MMD01</subfield>
    <subfield code="x">20000316</subfield>
  </datafield>
  <datafield tag="963" ind1=" " ind2=" ">
    <subfield code="a">PUBLIC</subfield>
  </datafield>
  <datafield tag="980" ind1=" " ind2=" ">
    <subfield code="a">PHOTOLAB</subfield>
  </datafield>
  <datafield tag="856" ind1="4" ind2=" ">
    <subfield code="q">http://preprints.cern.ch/photo/photo-ac/0003011_01.gif</subfield>
    <subfield code="x">icon</subfield>
  </datafield>
  <datafield tag="856" ind1="4" ind2=" ">
    <subfield code="q">http://preprints.cern.ch/cgi-bin/setlink?base=PHO&amp;categ=photo-ac&amp;id=0003011</subfield>
    <subfield code="x">1</subfield>
    <subfield code="y">Access to the pictures</subfield>
  </datafield>
  <datafield tag="856" ind1="4" ind2=" ">
    <subfield code="8">2566039</subfield>
    <subfield code="s">8356856</subfield>
    <subfield code="u">http://cds.cern.ch/record/41144/files/0003011_01.JPEG</subfield>
    <subfield code="z">CDSINTERNAL|MediaArchive|Migrated from: \\cern.ch\dfs\Services\MediaArchive\Photo\Masters\2000\0003011\0003011_01.JPEG</subfield>
  </datafield>
  <datafield tag="856" ind1="4" ind2=" ">
    <subfield code="8">2566040</subfield>
    <subfield code="s">9347110</subfield>
    <subfield code="u">http://cds.cern.ch/record/41144/files/0003011_02.JPEG</subfield>
    <subfield code="z">CDSINTERNAL|MediaArchive|Migrated from: \\cern.ch\dfs\Services\MediaArchive\Photo\Masters\2000\0003011\0003011_02.JPEG</subfield>
  </datafield>
  <datafield tag="856" ind1="4" ind2=" ">
    <subfield code="8">2566041</subfield>
    <subfield code="s">8784940</subfield>
    <subfield code="u">http://cds.cern.ch/record/41144/files/0003011_05.JPEG</subfield>
    <subfield code="z">CDSINTERNAL|MediaArchive|Migrated from: \\cern.ch\dfs\Services\MediaArchive\Photo\Masters\2000\0003011\0003011_05.JPEG</subfield>
  </datafield>
  <datafield tag="856" ind1="4" ind2=" ">
    <subfield code="8">2566042</subfield>
    <subfield code="s">7832306</subfield>
    <subfield code="u">http://cds.cern.ch/record/41144/files/0003011_06.JPEG</subfield>
    <subfield code="z">CDSINTERNAL|MediaArchive|Migrated from: \\cern.ch\dfs\Services\MediaArchive\Photo\Masters\2000\0003011\0003011_06.JPEG</subfield>
  </datafield>
  <datafield tag="856" ind1="4" ind2=" ">
    <subfield code="8">2566039</subfield>
    <subfield code="s">271612</subfield>
    <subfield code="u">http://cds.cern.ch/record/41144/files/0003011_01.jpg?subformat=icon-1440</subfield>
    <subfield code="x">icon-1440</subfield>
    <subfield code="z">CDSINTERNAL|MediaArchive|Migrated from: http://mediaarchive.cern.ch/MediaArchive/Photo/Public/2000/0003011/0003011_01/0003011_01-A4-at-144-dpi.jpg</subfield>
  </datafield>
  <datafield tag="856" ind1="4" ind2=" ">
    <subfield code="8">2566039</subfield>
    <subfield code="s">47562</subfield>
    <subfield code="u">http://cds.cern.ch/record/41144/files/0003011_01.jpg?subformat=icon-720</subfield>
    <subfield code="x">icon-720</subfield>
    <subfield code="z">CDSINTERNAL|MediaArchive|Migrated from: http://mediaarchive.cern.ch/MediaArchive/Photo/Public/2000/0003011/0003011_01/0003011_01-A5-at-72-dpi.jpg</subfield>
  </datafield>
  <datafield tag="856" ind1="4" ind2=" ">
    <subfield code="8">2566039</subfield>
    <subfield code="s">7006</subfield>
    <subfield code="u">http://cds.cern.ch/record/41144/files/0003011_01.jpg?subformat=icon-180</subfield>
    <subfield code="x">icon-180</subfield>
    <subfield code="z">CDSINTERNAL|MediaArchive|Migrated from: http://mediaarchive.cern.ch/MediaArchive/Photo/Public/2000/0003011/0003011_01/0003011_01-Icon.jpg</subfield>
  </datafield>
  <datafield tag="856" ind1="4" ind2=" ">
    <subfield code="8">2566040</subfield>
    <subfield code="s">233351</subfield>
    <subfield code="u">http://cds.cern.ch/record/41144/files/0003011_02.jpg?subformat=icon-1440</subfield>
    <subfield code="x">icon-1440</subfield>
    <subfield code="z">CDSINTERNAL|MediaArchive|Migrated from: http://mediaarchive.cern.ch/MediaArchive/Photo/Public/2000/0003011/0003011_02/0003011_02-A4-at-144-dpi.jpg</subfield>
  </datafield>
  <datafield tag="856" ind1="4" ind2=" ">
    <subfield code="8">2566040</subfield>
    <subfield code="s">44741</subfield>
    <subfield code="u">http://cds.cern.ch/record/41144/files/0003011_02.jpg?subformat=icon-720</subfield>
    <subfield code="x">icon-720</subfield>
    <subfield code="z">CDSINTERNAL|MediaArchive|Migrated from: http://mediaarchive.cern.ch/MediaArchive/Photo/Public/2000/0003011/0003011_02/0003011_02-A5-at-72-dpi.jpg</subfield>
  </datafield>
  <datafield tag="856" ind1="4" ind2=" ">
    <subfield code="8">2566040</subfield>
    <subfield code="s">7417</subfield>
    <subfield code="u">http://cds.cern.ch/record/41144/files/0003011_02.jpg?subformat=icon-180</subfield>
    <subfield code="x">icon-180</subfield>
    <subfield code="z">CDSINTERNAL|MediaArchive|Migrated from: http://mediaarchive.cern.ch/MediaArchive/Photo/Public/2000/0003011/0003011_02/0003011_02-Icon.jpg</subfield>
  </datafield>
  <datafield tag="856" ind1="4" ind2=" ">
    <subfield code="8">2566041</subfield>
    <subfield code="s">189079</subfield>
    <subfield code="u">http://cds.cern.ch/record/41144/files/0003011_05.jpg?subformat=icon-1440</subfield>
    <subfield code="x">icon-1440</subfield>
    <subfield code="z">CDSINTERNAL|MediaArchive|Migrated from: http://mediaarchive.cern.ch/MediaArchive/Photo/Public/2000/0003011/0003011_05/0003011_05-A4-at-144-dpi.jpg</subfield>
  </datafield>
  <datafield tag="856" ind1="4" ind2=" ">
    <subfield code="8">2566041</subfield>
    <subfield code="s">33943</subfield>
    <subfield code="u">http://cds.cern.ch/record/41144/files/0003011_05.jpg?subformat=icon-720</subfield>
    <subfield code="x">icon-720</subfield>
    <subfield code="z">CDSINTERNAL|MediaArchive|Migrated from: http://mediaarchive.cern.ch/MediaArchive/Photo/Public/2000/0003011/0003011_05/0003011_05-A5-at-72-dpi.jpg</subfield>
  </datafield>
  <datafield tag="856" ind1="4" ind2=" ">
    <subfield code="8">2566041</subfield>
    <subfield code="s">6207</subfield>
    <subfield code="u">http://cds.cern.ch/record/41144/files/0003011_05.jpg?subformat=icon-180</subfield>
    <subfield code="x">icon-180</subfield>
    <subfield code="z">CDSINTERNAL|MediaArchive|Migrated from: http://mediaarchive.cern.ch/MediaArchive/Photo/Public/2000/0003011/0003011_05/0003011_05-Icon.jpg</subfield>
  </datafield>
  <datafield tag="856" ind1="4" ind2=" ">
    <subfield code="8">2566042</subfield>
    <subfield code="s">220989</subfield>
    <subfield code="u">http://cds.cern.ch/record/41144/files/0003011_06.jpg?subformat=icon-1440</subfield>
    <subfield code="x">icon-1440</subfield>
    <subfield code="z">CDSINTERNAL|MediaArchive|Migrated from: http://mediaarchive.cern.ch/MediaArchive/Photo/Public/2000/0003011/0003011_06/0003011_06-A4-at-144-dpi.jpg</subfield>
  </datafield>
  <datafield tag="856" ind1="4" ind2=" ">
    <subfield code="8">2566042</subfield>
    <subfield code="s">41948</subfield>
    <subfield code="u">http://cds.cern.ch/record/41144/files/0003011_06.jpg?subformat=icon-720</subfield>
    <subfield code="x">icon-720</subfield>
    <subfield code="z">CDSINTERNAL|MediaArchive|Migrated from: http://mediaarchive.cern.ch/MediaArchive/Photo/Public/2000/0003011/0003011_06/0003011_06-A5-at-72-dpi.jpg</subfield>
  </datafield>
  <datafield tag="856" ind1="4" ind2=" ">
    <subfield code="8">2566042</subfield>
    <subfield code="s">6956</subfield>
    <subfield code="u">http://cds.cern.ch/record/41144/files/0003011_06.jpg?subformat=icon-180</subfield>
    <subfield code="x">icon-180</subfield>
    <subfield code="z">CDSINTERNAL|MediaArchive|Migrated from: http://mediaarchive.cern.ch/MediaArchive/Photo/Public/2000/0003011/0003011_06/0003011_06-Icon.jpg</subfield>
  </datafield>
  <datafield tag="970" ind1=" " ind2=" ">
    <subfield code="a">000002408MMD</subfield>
  </datafield>
</record>
<record>
  <controlfield tag="001">41315</controlfield>
  <controlfield tag="003">SzGeCERN</controlfield>
  <controlfield tag="005">20241120152407.0</controlfield>
  <datafield tag="024" ind1="8" ind2=" ">
    <subfield code="a">oai:cds.cern.ch:41315</subfield>
    <subfield code="p">cerncds:FULLTEXT</subfield>
    <subfield code="p">INIS</subfield>
  </datafield>
  <datafield tag="035" ind1=" " ind2=" ">
    <subfield code="9">PHOPHO</subfield>
    <subfield code="a">0002583</subfield>
  </datafield>
  <datafield tag="037" ind1=" " ind2=" ">
    <subfield code="a">CERN-AC-0005026</subfield>
  </datafield>
  <datafield tag="100" ind1=" " ind2=" ">
    <subfield code="a">Laurent Guiraud</subfield>
  </datafield>
  <datafield tag="245" ind1=" " ind2=" ">
    <subfield code="a">The collared coil of a prototype MQM magnet for the LHC</subfield>
  </datafield>
  <datafield tag="246" ind1=" " ind2="1">
    <subfield code="a">La bobine d'un prototype de quadripole MQM pour le LHC, entourée de son collier</subfield>
  </datafield>
  <datafield tag="260" ind1=" " ind2=" ">
    <subfield code="c">2000</subfield>
  </datafield>
  <datafield tag="269" ind1=" " ind2=" ">
    <subfield code="c">18 May 2000</subfield>
  </datafield>
  <datafield tag="340" ind1=" " ind2=" ">
    <subfield code="a">FILM</subfield>
  </datafield>
  <datafield tag="542" ind1=" " ind2=" ">
    <subfield code="d">CERN</subfield>
    <subfield code="g">2000</subfield>
  </datafield>
  <datafield tag="590" ind1=" " ind2=" ">
    <subfield code="a">La bobine d'un prototype de quadripole MQM pour le LHC, entourée de son collier</subfield>
  </datafield>
  <datafield tag="595" ind1=" " ind2=" ">
    <subfield code="a">CERN EDS</subfield>
  </datafield>
  <datafield tag="650" ind1="1" ind2="7">
    <subfield code="2">SzGeCERN</subfield>
    <subfield code="a">Accelerators</subfield>
  </datafield>
  <datafield tag="653" ind1="1" ind2=" ">
    <subfield code="9">CERN</subfield>
    <subfield code="a">LHC machine</subfield>
  </datafield>
  <datafield tag="859" ind1=" " ind2=" ">
    <subfield code="f">lyn.evans@cern.ch</subfield>
  </datafield>
  <datafield tag="859" ind1=" " ind2=" ">
    <subfield code="f">lyn.evans@cern.ch</subfield>
  </datafield>
  <datafield tag="916" ind1=" " ind2=" ">
    <subfield code="s">n</subfield>
    <subfield code="w">200319</subfield>
  </datafield>
  <datafield tag="923" ind1=" " ind2=" ">
    <subfield code="r">Evans, L</subfield>
  </datafield>
  <datafield tag="923" ind1=" " ind2=" ">
    <subfield code="p">SM18</subfield>
  </datafield>
  <datafield tag="960" ind1=" " ind2=" ">
    <subfield code="a">81</subfield>
  </datafield>
  <datafield tag="960" ind1=" " ind2=" ">
    <subfield code="a">87</subfield>
  </datafield>
  <datafield tag="961" ind1=" " ind2=" ">
    <subfield code="c">20040210</subfield>
    <subfield code="h">1053</subfield>
    <subfield code="l">MMD01</subfield>
    <subfield code="x">20000524</subfield>
  </datafield>
  <datafield tag="963" ind1=" " ind2=" ">
    <subfield code="a">PUBLIC</subfield>
  </datafield>
  <datafield tag="980" ind1=" " ind2=" ">
    <subfield code="a">PHOTOLAB</subfield>
  </datafield>
  <datafield tag="980" ind1=" " ind2=" ">
    <subfield code="b">PHOTOLHCPROJECT</subfield>
  </datafield>
  <datafield tag="856" ind1="4" ind2=" ">
    <subfield code="q">http://preprints.cern.ch/photo/photo-ac/0005026_01.gif</subfield>
    <subfield code="x">icon</subfield>
  </datafield>
  <datafield tag="856" ind1="4" ind2=" ">
    <subfield code="q">http://preprints.cern.ch/cgi-bin/setlink?base=PHO&amp;categ=photo-ac&amp;id=0005026_01</subfield>
    <subfield code="x">1</subfield>
    <subfield code="y">Access to the pictures</subfield>
  </datafield>
  <datafield tag="856" ind1="4" ind2=" ">
    <subfield code="u">http://cds.cern.ch/record/41315/files/0005026_01.jpeg</subfield>
    <subfield code="y">Access to the pictures</subfield>
    <subfield code="8">88575</subfield>
    <subfield code="s">1414935</subfield>
  </datafield>
  <datafield tag="856" ind1="4" ind2=" ">
    <subfield code="u">http://cds.cern.ch/record/41315/files/0005026_01.gif?subformat=icon</subfield>
    <subfield code="x">icon</subfield>
    <subfield code="8">88575</subfield>
    <subfield code="s">25191</subfield>
  </datafield>
  <datafield tag="856" ind1="4" ind2=" ">
    <subfield code="u">http://cds.cern.ch/record/41315/files/0005026_01.jpeg?subformat=icon-1440</subfield>
    <subfield code="x">icon-1440</subfield>
    <subfield code="8">88575</subfield>
    <subfield code="s">1371318</subfield>
  </datafield>
  <datafield tag="856" ind1="4" ind2=" ">
    <subfield code="u">http://cds.cern.ch/record/41315/files/0005026_01.jpeg?subformat=icon-180</subfield>
    <subfield code="x">icon-180</subfield>
    <subfield code="8">88575</subfield>
    <subfield code="s">36506</subfield>
  </datafield>
  <datafield tag="856" ind1="4" ind2=" ">
    <subfield code="u">http://cds.cern.ch/record/41315/files/0005026_01.jpeg?subformat=icon-640</subfield>
    <subfield code="x">icon-640</subfield>
    <subfield code="8">88575</subfield>
    <subfield code="s">325609</subfield>
  </datafield>
  <datafield tag="856" ind1="4" ind2=" ">
    <subfield code="8">88575</subfield>
    <subfield code="s">7986724</subfield>
    <subfield code="u">http://cds.cern.ch/record/41315/files/0005026_01.jpg</subfield>
    <subfield code="z">CDSINTERNAL|MediaArchive|Migrated from: \\cern.ch\dfs\Services\MediaArchive\Photo\Masters\2000\0005026\0005026_01.jpg</subfield>
  </datafield>
  <datafield tag="856" ind1="4" ind2=" ">
    <subfield code="8">88575</subfield>
    <subfield code="s">221341</subfield>
    <subfield code="u">http://cds.cern.ch/record/41315/files/0005026_01.jpg?subformat=icon-1440</subfield>
    <subfield code="x">icon-1440</subfield>
    <subfield code="z">CDSINTERNAL|MediaArchive|Migrated from: http://mediaarchive.cern.ch/MediaArchive/Photo/Public/2000/0005026/0005026_01/0005026_01-A4-at-144-dpi.jpg</subfield>
  </datafield>
  <datafield tag="856" ind1="4" ind2=" ">
    <subfield code="8">88575</subfield>
    <subfield code="s">39424</subfield>
    <subfield code="u">http://cds.cern.ch/record/41315/files/0005026_01.jpg?subformat=icon-720</subfield>
    <subfield code="x">icon-720</subfield>
    <subfield code="z">CDSINTERNAL|MediaArchive|Migrated from: http://mediaarchive.cern.ch/MediaArchive/Photo/Public/2000/0005026/0005026_01/0005026_01-A5-at-72-dpi.jpg</subfield>
  </datafield>
  <datafield tag="856" ind1="4" ind2=" ">
    <subfield code="8">88575</subfield>
    <subfield code="s">6701</subfield>
    <subfield code="u">http://cds.cern.ch/record/41315/files/0005026_01.jpg?subformat=icon-180</subfield>
    <subfield code="x">icon-180</subfield>
    <subfield code="z">CDSINTERNAL|MediaArchive|Migrated from: http://mediaarchive.cern.ch/MediaArchive/Photo/Public/2000/0005026/0005026_01/0005026_01-Icon.jpg</subfield>
  </datafield>
  <datafield tag="970" ind1=" " ind2=" ">
    <subfield code="a">000002583MMD</subfield>
  </datafield>
</record>
<record>
  <controlfield tag="001">843306</controlfield>
  <controlfield tag="003">SzGeCERN</controlfield>
  <controlfield tag="005">20241107063228.0</controlfield>
  <datafield tag="024" ind1="8" ind2=" ">
    <subfield code="a">oai:cds.cern.ch:843306</subfield>
    <subfield code="p">cerncds:FULLTEXT</subfield>
    <subfield code="p">INIS</subfield>
  </datafield>
  <datafield tag="037" ind1=" " ind2=" ">
    <subfield code="a">LHC-PHO-2001-096</subfield>
  </datafield>
  <datafield tag="041" ind1=" " ind2=" ">
    <subfield code="a">eng</subfield>
  </datafield>
  <datafield tag="041" ind1=" " ind2=" ">
    <subfield code="a">fre</subfield>
  </datafield>
  <datafield tag="100" ind1=" " ind2=" ">
    <subfield code="a">Valeriane Duvivier</subfield>
  </datafield>
  <datafield tag="245" ind1=" " ind2=" ">
    <subfield code="a">quadrupole LHC - interconnexion</subfield>
  </datafield>
  <datafield tag="246" ind1=" " ind2="1">
    <subfield code="a">quadripole LHC - interconnection</subfield>
  </datafield>
  <datafield tag="260" ind1=" " ind2=" ">
    <subfield code="c">2001</subfield>
  </datafield>
  <datafield tag="269" ind1=" " ind2=" ">
    <subfield code="c">Apr 2001</subfield>
  </datafield>
  <datafield tag="340" ind1=" " ind2=" ">
    <subfield code="a">Digital Picture</subfield>
  </datafield>
  <datafield tag="500" ind1=" " ind2=" ">
    <subfield code="a">AC Collection. Legacy of AC. Pictures from 1992 to 2002.</subfield>
  </datafield>
  <datafield tag="541" ind1=" " ind2=" ">
    <subfield code="e">P4050563.psd</subfield>
  </datafield>
  <datafield tag="542" ind1=" " ind2=" ">
    <subfield code="d">CERN</subfield>
    <subfield code="g">2001</subfield>
  </datafield>
  <datafield tag="650" ind1="1" ind2="7">
    <subfield code="2">SzGeCERN</subfield>
    <subfield code="a">Civil engineering</subfield>
  </datafield>
  <datafield tag="653" ind1="1" ind2=" ">
    <subfield code="9">CERN</subfield>
    <subfield code="a">Experimental/Working Areas</subfield>
  </datafield>
  <datafield tag="653" ind1="1" ind2=" ">
    <subfield code="9">CERN</subfield>
    <subfield code="a">LHC machine</subfield>
  </datafield>
  <datafield tag="653" ind1="1" ind2=" ">
    <subfield code="9">CERN</subfield>
    <subfield code="a">Point 1.8</subfield>
  </datafield>
  <datafield tag="653" ind1="1" ind2=" ">
    <subfield code="9">CERN</subfield>
    <subfield code="a">SM18</subfield>
  </datafield>
  <datafield tag="653" ind1="1" ind2=" ">
    <subfield code="9">CERN</subfield>
    <subfield code="a">Short Straight Section</subfield>
  </datafield>
  <datafield tag="693" ind1=" " ind2=" ">
    <subfield code="a">CERN LHC</subfield>
  </datafield>
  <datafield tag="856" ind1="4" ind2=" ">
    <subfield code="q">http://documents.cern.ch/cgi-bin/setlink?base=PHO&amp;categ=photo-lhc&amp;id=lhc-pho-2001-096</subfield>
    <subfield code="x">1</subfield>
    <subfield code="y">Access to the pictures</subfield>
  </datafield>
  <datafield tag="856" ind1="4" ind2=" ">
    <subfield code="q">http://documents.cern.ch/photo/photo-lhc/icon-lhc-pho-2001-096.gif</subfield>
    <subfield code="x">icon</subfield>
  </datafield>
  <datafield tag="856" ind1="4" ind2=" ">
    <subfield code="u">http://cds.cern.ch/record/843306/files/lhc-pho-2001-096.jpg</subfield>
    <subfield code="y">Access to the pictures</subfield>
    <subfield code="8">96299</subfield>
    <subfield code="s">84061</subfield>
  </datafield>
  <datafield tag="856" ind1="4" ind2=" ">
    <subfield code="u">http://cds.cern.ch/record/843306/files/lhc-pho-2001-096.gif?subformat=icon</subfield>
    <subfield code="x">icon</subfield>
    <subfield code="8">96299</subfield>
    <subfield code="s">25340</subfield>
  </datafield>
  <datafield tag="856" ind1="4" ind2=" ">
    <subfield code="8">96299</subfield>
    <subfield code="s">126601</subfield>
    <subfield code="u">http://cds.cern.ch/record/843306/files/lhc-pho-2001-096.jpg?subformat=icon-640</subfield>
    <subfield code="x">icon-640</subfield>
  </datafield>
  <datafield tag="856" ind1="4" ind2=" ">
    <subfield code="8">96299</subfield>
    <subfield code="s">153426</subfield>
    <subfield code="u">http://cds.cern.ch/record/843306/files/lhc-pho-2001-096.jpg?subformat=icon-1440</subfield>
    <subfield code="x">icon-1440</subfield>
  </datafield>
  <datafield tag="856" ind1="4" ind2=" ">
    <subfield code="8">96299</subfield>
    <subfield code="s">71216</subfield>
    <subfield code="u">http://cds.cern.ch/record/843306/files/lhc-pho-2001-096.jpg?subformat=icon-180</subfield>
    <subfield code="x">icon-180</subfield>
  </datafield>
  <datafield tag="960" ind1=" " ind2=" ">
    <subfield code="a">87</subfield>
  </datafield>
  <datafield tag="961" ind1=" " ind2=" ">
    <subfield code="c">20050614</subfield>
    <subfield code="h">1726</subfield>
    <subfield code="l">MMD01</subfield>
    <subfield code="x">20050614</subfield>
  </datafield>
  <datafield tag="963" ind1=" " ind2=" ">
    <subfield code="a">PUBLIC</subfield>
  </datafield>
  <datafield tag="970" ind1=" " ind2=" ">
    <subfield code="a">000037086MMD</subfield>
  </datafield>
  <datafield tag="980" ind1=" " ind2=" ">
    <subfield code="a">PHOTOLHCPROJECT</subfield>
  </datafield>
</record>
<record>
  <controlfield tag="001">843338</controlfield>
  <controlfield tag="003">SzGeCERN</controlfield>
  <controlfield tag="005">20241107064122.0</controlfield>
  <datafield tag="024" ind1="8" ind2=" ">
    <subfield code="a">oai:cds.cern.ch:843338</subfield>
    <subfield code="p">cerncds:FULLTEXT</subfield>
    <subfield code="p">INIS</subfield>
  </datafield>
  <datafield tag="037" ind1=" " ind2=" ">
    <subfield code="a">LHC-PHO-2001-124</subfield>
  </datafield>
  <datafield tag="041" ind1=" " ind2=" ">
    <subfield code="a">eng</subfield>
  </datafield>
  <datafield tag="041" ind1=" " ind2=" ">
    <subfield code="a">fre</subfield>
  </datafield>
  <datafield tag="100" ind1=" " ind2=" ">
    <subfield code="a">Valeriane Duvivier</subfield>
  </datafield>
  <datafield tag="245" ind1=" " ind2=" ">
    <subfield code="a">LHC quadrupole</subfield>
  </datafield>
  <datafield tag="246" ind1=" " ind2="1">
    <subfield code="a">LHC quadripole</subfield>
  </datafield>
  <datafield tag="260" ind1=" " ind2=" ">
    <subfield code="c">2001</subfield>
  </datafield>
  <datafield tag="269" ind1=" " ind2=" ">
    <subfield code="c">Jul 2001</subfield>
  </datafield>
  <datafield tag="340" ind1=" " ind2=" ">
    <subfield code="a">Digital Picture</subfield>
  </datafield>
  <datafield tag="500" ind1=" " ind2=" ">
    <subfield code="a">AC Collection. Legacy of AC. Pictures from 1992 to 2002.</subfield>
  </datafield>
  <datafield tag="541" ind1=" " ind2=" ">
    <subfield code="e">P6180483.jpg</subfield>
  </datafield>
  <datafield tag="542" ind1=" " ind2=" ">
    <subfield code="d">CERN</subfield>
    <subfield code="g">2001</subfield>
  </datafield>
  <datafield tag="650" ind1="1" ind2="7">
    <subfield code="2">SzGeCERN</subfield>
    <subfield code="a">Civil engineering</subfield>
  </datafield>
  <datafield tag="653" ind1="1" ind2=" ">
    <subfield code="9">CERN</subfield>
    <subfield code="a">Experimental/Working Areas</subfield>
  </datafield>
  <datafield tag="653" ind1="1" ind2=" ">
    <subfield code="9">CERN</subfield>
    <subfield code="a">LHC Dipoles</subfield>
  </datafield>
  <datafield tag="653" ind1="1" ind2=" ">
    <subfield code="9">CERN</subfield>
    <subfield code="a">LHC Magnets</subfield>
  </datafield>
  <datafield tag="653" ind1="1" ind2=" ">
    <subfield code="9">CERN</subfield>
    <subfield code="a">LHC machine</subfield>
  </datafield>
  <datafield tag="653" ind1="1" ind2=" ">
    <subfield code="9">CERN</subfield>
    <subfield code="a">Point 1.8</subfield>
  </datafield>
  <datafield tag="653" ind1="1" ind2=" ">
    <subfield code="9">CERN</subfield>
    <subfield code="a">SM18</subfield>
  </datafield>
  <datafield tag="693" ind1=" " ind2=" ">
    <subfield code="a">CERN LHC</subfield>
  </datafield>
  <datafield tag="856" ind1="4" ind2=" ">
    <subfield code="q">http://documents.cern.ch/cgi-bin/setlink?base=PHO&amp;categ=photo-lhc&amp;id=lhc-pho-2001-124</subfield>
    <subfield code="x">1</subfield>
    <subfield code="y">Access to the pictures</subfield>
  </datafield>
  <datafield tag="856" ind1="4" ind2=" ">
    <subfield code="q">http://documents.cern.ch/photo/photo-lhc/icon-lhc-pho-2001-124.gif</subfield>
    <subfield code="x">icon</subfield>
  </datafield>
  <datafield tag="856" ind1="4" ind2=" ">
    <subfield code="u">http://cds.cern.ch/record/843338/files/lhc-pho-2001-124.jpg</subfield>
    <subfield code="y">Access to the pictures</subfield>
    <subfield code="8">96363</subfield>
    <subfield code="s">135415</subfield>
  </datafield>
  <datafield tag="856" ind1="4" ind2=" ">
    <subfield code="u">http://cds.cern.ch/record/843338/files/lhc-pho-2001-124.gif?subformat=icon</subfield>
    <subfield code="x">icon</subfield>
    <subfield code="8">96363</subfield>
    <subfield code="s">26521</subfield>
  </datafield>
  <datafield tag="856" ind1="4" ind2=" ">
    <subfield code="8">96363</subfield>
    <subfield code="s">166288</subfield>
    <subfield code="u">http://cds.cern.ch/record/843338/files/lhc-pho-2001-124.jpg?subformat=icon-640</subfield>
    <subfield code="x">icon-640</subfield>
  </datafield>
  <datafield tag="856" ind1="4" ind2=" ">
    <subfield code="8">96363</subfield>
    <subfield code="s">206910</subfield>
    <subfield code="u">http://cds.cern.ch/record/843338/files/lhc-pho-2001-124.jpg?subformat=icon-1440</subfield>
    <subfield code="x">icon-1440</subfield>
  </datafield>
  <datafield tag="856" ind1="4" ind2=" ">
    <subfield code="8">96363</subfield>
    <subfield code="s">75393</subfield>
    <subfield code="u">http://cds.cern.ch/record/843338/files/lhc-pho-2001-124.jpg?subformat=icon-180</subfield>
    <subfield code="x">icon-180</subfield>
  </datafield>
  <datafield tag="960" ind1=" " ind2=" ">
    <subfield code="a">87</subfield>
  </datafield>
  <datafield tag="961" ind1=" " ind2=" ">
    <subfield code="c">20050615</subfield>
    <subfield code="h">1217</subfield>
    <subfield code="l">MMD01</subfield>
    <subfield code="x">20050614</subfield>
  </datafield>
  <datafield tag="963" ind1=" " ind2=" ">
    <subfield code="a">PUBLIC</subfield>
  </datafield>
  <datafield tag="970" ind1=" " ind2=" ">
    <subfield code="a">000037118MMD</subfield>
  </datafield>
  <datafield tag="980" ind1=" " ind2=" ">
    <subfield code="a">PHOTOLHCPROJECT</subfield>
  </datafield>
</record>
<record>
  <controlfield tag="001">43635</controlfield>
  <controlfield tag="003">SzGeCERN</controlfield>
  <controlfield tag="005">20150214001609.0</controlfield>
  <datafield tag="024" ind1="8" ind2=" ">
    <subfield code="a">oai:cds.cern.ch:43635</subfield>
    <subfield code="p">cerncds:FULLTEXT</subfield>
  </datafield>
  <datafield tag="035" ind1=" " ind2=" ">
    <subfield code="9">ADMADM</subfield>
    <subfield code="a">0005098</subfield>
  </datafield>
  <datafield tag="041" ind1=" " ind2=" ">
    <subfield code="a">eng</subfield>
  </datafield>
  <datafield tag="088" ind1=" " ind2=" ">
    <subfield code="a">CERN/SPC/0280</subfield>
  </datafield>
  <datafield tag="088" ind1=" " ind2=" ">
    <subfield code="9">CM-P00095150-e</subfield>
  </datafield>
  <datafield tag="111" ind1=" " ind2=" ">
    <subfield code="9">19690929</subfield>
    <subfield code="a">55th Meeting of Scientific Policy Committee</subfield>
    <subfield code="c">CERN, Geneva, Switzerland</subfield>
    <subfield code="d">29 Sep 1969</subfield>
    <subfield code="f">1969</subfield>
    <subfield code="g">cern19690929</subfield>
    <subfield code="n">55</subfield>
    <subfield code="w">CH</subfield>
    <subfield code="z">19690929</subfield>
  </datafield>
  <datafield tag="245" ind1=" " ind2=" ">
    <subfield code="a">Preliminary Draft Agenda</subfield>
  </datafield>
  <datafield tag="260" ind1=" " ind2=" ">
    <subfield code="c">1969</subfield>
  </datafield>
  <datafield tag="269" ind1=" " ind2=" ">
    <subfield code="c">1969-09-26</subfield>
  </datafield>
  <datafield tag="595" ind1=" " ind2=" ">
    <subfield code="a">69/463/5/e</subfield>
  </datafield>
  <datafield tag="595" ind1=" " ind2=" ">
    <subfield code="a">SISARC-2009</subfield>
  </datafield>
  <datafield tag="650" ind1="1" ind2="7">
    <subfield code="2">SzGeCERN</subfield>
    <subfield code="a">AGENDA SPC</subfield>
  </datafield>
  <datafield tag="690" ind1="C" ind2=" ">
    <subfield code="a">CERN</subfield>
  </datafield>
  <datafield tag="856" ind1="4" ind2=" ">
    <subfield code="u">http://cds.cern.ch/record/43635/files/CM-P00095150-e.pdf</subfield>
    <subfield code="y">English</subfield>
  </datafield>
  <datafield tag="916" ind1=" " ind2=" ">
    <subfield code="s">n</subfield>
    <subfield code="w">200319</subfield>
  </datafield>
  <datafield tag="960" ind1=" " ind2=" ">
    <subfield code="a">62</subfield>
  </datafield>
  <datafield tag="961" ind1=" " ind2=" ">
    <subfield code="c">20031203</subfield>
    <subfield code="h">0856</subfield>
    <subfield code="l">MAN01</subfield>
    <subfield code="x">19990126</subfield>
  </datafield>
  <datafield tag="963" ind1=" " ind2=" ">
    <subfield code="a">PUBLIC</subfield>
  </datafield>
  <datafield tag="970" ind1=" " ind2=" ">
    <subfield code="a">000005098MAN</subfield>
  </datafield>
  <datafield tag="980" ind1=" " ind2=" ">
    <subfield code="a">SPC</subfield>
  </datafield>
</record>
<record>
  <controlfield tag="001">43636</controlfield>
  <controlfield tag="003">SzGeCERN</controlfield>
  <controlfield tag="005">20160115200633.0</controlfield>
  <datafield tag="024" ind1="8" ind2=" ">
    <subfield code="a">oai:cds.cern.ch:43636</subfield>
    <subfield code="p">cerncds:FULLTEXT</subfield>
  </datafield>
  <datafield tag="590" ind1=" " ind2=" ">
    <subfield code="a">Les 360 aimants quadrupolaires principaux (MQ) du LHC réaliseront l'essentiel de la focalisation le long de l'anneau de 27 km. Le CERN et le CEA-Saclay ont commencé à collaborer en 1989 pour mettre au point et élaborer des prototypes de ces aimants. Fruits de ces efforts communs : cinq unités quadrupolaires très réussies-également connues sous le nom de sections droites courtes. L'une d'entre elles a été intégrée pour des essais dans la première chaîne de test du LHC (String 1), alors que deux autres ont été intégrées dans leur configuration définitive de la chaîne 2 (String 2). Une fois la validité de la conception et de la réalisation confirmées par les tests, la fabrication des 360 masses froides a du être confiée à l'industrie. L'entreprise allemande ACCEL Instruments s'est vu confier d'une part la construction des aimants quadrupolaires proprement dits, et d'autre part leur assemblage dans les masses froides avec différentes combinaisons d'aimants de correction fournis par d'autres fabricants européens. On voit ici la première des masses froides contenant l'aimant MQ des arcs de la machine et deux types d'aimants de correction prête à être livrée.</subfield>
  </datafield>
  <datafield tag="595" ind1=" " ind2=" ">
    <subfield code="a">CERN EDS</subfield>
  </datafield>
  <datafield tag="980" ind1=" " ind2=" ">
    <subfield code="a">PHOTOLAB</subfield>
  </datafield>
  <datafield tag="037" ind1=" " ind2=" ">
    <subfield code="a">BUL-PHO-2003-005</subfield>
  </datafield>
  <datafield tag="035" ind1=" " ind2=" ">
    <subfield code="9">PHOPHO</subfield>
    <subfield code="a">0005099</subfield>
  </datafield>
  <datafield tag="970" ind1=" " ind2=" ">
    <subfield code="a">000005099MMD</subfield>
  </datafield>
  <datafield tag="859" ind1=" " ind2=" ">
    <subfield code="f">christiane.montarbaud@cern.ch</subfield>
  </datafield>
  <datafield tag="542" ind1=" " ind2=" ">
    <subfield code="d">CERN</subfield>
    <subfield code="g">2003</subfield>
  </datafield>
  <datafield tag="520" ind1=" " ind2=" ">
    <subfield code="a">Three hundred and sixty main quadrupole (MQ) magnets will perform the principal beam focusing around the 27 km LHC ring. CERN and CEA-Saclay began collaborating on the development and prototyping of these magnets in 1989. This resulted in five highly successful quadrupole units - also known as short straight sections - one of which was integrated for testing in String 1, and two others of the final design in String 2. Once the tests had confirmed the validity of the design and realization, the fabrication of the 360 cold masses had to be transferred to industry.The German firm ACCEL Instruments was entrusted both with the construction of the quadrupole magnets themselves, and with their assembly into the cold masses together with various combinations of corrector magnets produced by other European manufacturers. Here we see the first of the cold masses containing the MQ magnet of the machine arcs together with two types of corrector magnet ready for shipping to CERN. This first unit was delivered on 12 February.</subfield>
  </datafield>
  <datafield tag="653" ind1="1" ind2=" ">
    <subfield code="9">CERN</subfield>
    <subfield code="a">bulletin</subfield>
  </datafield>
  <datafield tag="653" ind1="1" ind2=" ">
    <subfield code="9">CERN</subfield>
    <subfield code="a">quadrupole</subfield>
  </datafield>
  <datafield tag="653" ind1="1" ind2=" ">
    <subfield code="9">CERN</subfield>
    <subfield code="a">LHC magnets</subfield>
  </datafield>
  <datafield tag="653" ind1="1" ind2=" ">
    <subfield code="9">CERN</subfield>
    <subfield code="a">short straight section</subfield>
  </datafield>
  <datafield tag="653" ind1="1" ind2=" ">
    <subfield code="9">CERN</subfield>
    <subfield code="a">Germany</subfield>
  </datafield>
  <datafield tag="650" ind1="1" ind2="7">
    <subfield code="2">SzGeCERN</subfield>
    <subfield code="a">Experiments and Tracks</subfield>
  </datafield>
  <datafield tag="916" ind1=" " ind2=" ">
    <subfield code="s">n</subfield>
    <subfield code="w">200319</subfield>
  </datafield>
  <datafield tag="500" ind1=" " ind2=" ">
    <subfield code="a">BUL Collection. Not available in CERN central Photo Lab.</subfield>
  </datafield>
  <datafield tag="773" ind1=" " ind2=" ">
    <subfield code="p">CERN Bulletin Issue: 09/2003, Mon 24 Feb 2003</subfield>
    <subfield code="u">https://cdsweb.cern.ch/record/46263</subfield>
  </datafield>
  <datafield tag="856" ind1="4" ind2=" ">
    <subfield code="q">http://documents.cern.ch/photo/photo-bul/icon-bul-pho-2003-005.gif</subfield>
    <subfield code="x">icon</subfield>
  </datafield>
  <datafield tag="856" ind1="4" ind2=" ">
    <subfield code="q">http://documents.cern.ch/cgi-bin/setlink?base=PHO&amp;categ=photo-bul&amp;id=bul-pho-2003-005</subfield>
    <subfield code="x">1</subfield>
    <subfield code="y">Access to the pictures</subfield>
  </datafield>
  <datafield tag="856" ind1="4" ind2=" ">
    <subfield code="u">http://cds.cern.ch/record/43636/files/bul-pho-2003-005.jpg</subfield>
    <subfield code="y">Access to the pictures</subfield>
    <subfield code="8">538299</subfield>
    <subfield code="s">551660</subfield>
  </datafield>
  <datafield tag="856" ind1="4" ind2=" ">
    <subfield code="u">http://cds.cern.ch/record/43636/files/bul-pho-2003-005.gif?subformat=icon</subfield>
    <subfield code="x">icon</subfield>
    <subfield code="8">538299</subfield>
    <subfield code="s">29659</subfield>
  </datafield>
  <datafield tag="856" ind1="4" ind2=" ">
    <subfield code="u">http://cds.cern.ch/record/43636/files/bul-pho-2003-005.jpg?subformat=icon-1440</subfield>
    <subfield code="x">icon-1440</subfield>
    <subfield code="8">538299</subfield>
    <subfield code="s">563234</subfield>
  </datafield>
  <datafield tag="856" ind1="4" ind2=" ">
    <subfield code="u">http://cds.cern.ch/record/43636/files/bul-pho-2003-005.jpg?subformat=icon-180</subfield>
    <subfield code="x">icon-180</subfield>
    <subfield code="8">538299</subfield>
    <subfield code="s">45667</subfield>
  </datafield>
  <datafield tag="856" ind1="4" ind2=" ">
    <subfield code="u">http://cds.cern.ch/record/43636/files/bul-pho-2003-005.jpg?subformat=icon-640</subfield>
    <subfield code="x">icon-640</subfield>
    <subfield code="8">538299</subfield>
    <subfield code="s">328617</subfield>
  </datafield>
  <datafield tag="260" ind1=" " ind2=" ">
    <subfield code="c">2003</subfield>
  </datafield>
  <datafield tag="269" ind1=" " ind2=" ">
    <subfield code="c">01 Feb 2003</subfield>
  </datafield>
  <datafield tag="041" ind1=" " ind2=" ">
    <subfield code="a">ENG</subfield>
  </datafield>
  <datafield tag="245" ind1=" " ind2=" ">
    <subfield code="a">Series fabrication of the main quadrupole cold masses for the LHC begins</subfield>
  </datafield>
  <datafield tag="960" ind1=" " ind2=" ">
    <subfield code="a">81</subfield>
  </datafield>
  <datafield tag="961" ind1=" " ind2=" ">
    <subfield code="c">20040210</subfield>
    <subfield code="h">1053</subfield>
    <subfield code="l">MMD01</subfield>
    <subfield code="x">20030218</subfield>
  </datafield>
  <datafield tag="963" ind1=" " ind2=" ">
    <subfield code="a">PUBLIC</subfield>
  </datafield>
  <datafield tag="246" ind1=" " ind2="1">
    <subfield code="a">La fabrication en série des masses froides des quadrupôles principaux pour le LHC a débuté</subfield>
  </datafield>
</record>
<record>
  <controlfield tag="001">678966</controlfield>
  <controlfield tag="003">SzGeCERN</controlfield>
  <controlfield tag="005">20160115200826.0</controlfield>
  <datafield tag="024" ind1="8" ind2=" ">
    <subfield code="a">oai:cds.cern.ch:678966</subfield>
    <subfield code="p">cerncds:FULLTEXT</subfield>
  </datafield>
  <datafield tag="037" ind1=" " ind2=" ">
    <subfield code="a">BUL-PHO-2003-022</subfield>
  </datafield>
  <datafield tag="245" ind1=" " ind2=" ">
    <subfield code="a">The LHC SSS cold mass inside the cryostat. The complexity of the bus-bars for the power supply of the magnets and cryogenic links can be seen. The two apertures in the centre will house the beam lines</subfield>
  </datafield>
  <datafield tag="260" ind1=" " ind2=" ">
    <subfield code="c">2003</subfield>
  </datafield>
  <datafield tag="269" ind1=" " ind2=" ">
    <subfield code="c">01 Oct 2003</subfield>
  </datafield>
  <datafield tag="500" ind1=" " ind2=" ">
    <subfield code="a">BUL Collection. Not available in CERN central Photo Lab.</subfield>
  </datafield>
  <datafield tag="542" ind1=" " ind2=" ">
    <subfield code="d">CERN</subfield>
    <subfield code="g">2003</subfield>
  </datafield>
  <datafield tag="595" ind1=" " ind2=" ">
    <subfield code="a">CERN EDS</subfield>
  </datafield>
  <datafield tag="650" ind1="1" ind2="7">
    <subfield code="2">SzGeCERN</subfield>
    <subfield code="a">Accelerators</subfield>
  </datafield>
  <datafield tag="653" ind1="1" ind2=" ">
    <subfield code="9">CERN</subfield>
    <subfield code="a">LHC</subfield>
  </datafield>
  <datafield tag="653" ind1="1" ind2=" ">
    <subfield code="9">CERN</subfield>
    <subfield code="a">cryostat</subfield>
  </datafield>
  <datafield tag="653" ind1="1" ind2=" ">
    <subfield code="9">CERN</subfield>
    <subfield code="a">bulletin</subfield>
  </datafield>
  <datafield tag="856" ind1="4" ind2=" ">
    <subfield code="q">http://documents.cern.ch/cgi-bin/setlink?base=PHO&amp;categ=photo-bul&amp;id=bul-pho-2003-022</subfield>
    <subfield code="x">1</subfield>
    <subfield code="y">Access to the pictures</subfield>
  </datafield>
  <datafield tag="856" ind1="4" ind2=" ">
    <subfield code="q">http://documents.cern.ch/photo/photo-bul/icon-bul-pho-2003-022.gif</subfield>
    <subfield code="x">icon</subfield>
  </datafield>
  <datafield tag="856" ind1="4" ind2=" ">
    <subfield code="u">http://cds.cern.ch/record/678966/files/bul-pho-2003-022.gif?subformat=icon</subfield>
    <subfield code="x">icon</subfield>
    <subfield code="8">541705</subfield>
    <subfield code="s">30052</subfield>
  </datafield>
  <datafield tag="856" ind1="4" ind2=" ">
    <subfield code="u">http://cds.cern.ch/record/678966/files/bul-pho-2003-022.jpg</subfield>
    <subfield code="y">Access to the pictures</subfield>
    <subfield code="8">541705</subfield>
    <subfield code="s">1557051</subfield>
  </datafield>
  <datafield tag="856" ind1="4" ind2=" ">
    <subfield code="u">http://cds.cern.ch/record/678966/files/bul-pho-2003-022.jpg?subformat=icon-1440</subfield>
    <subfield code="x">icon-1440</subfield>
    <subfield code="8">541705</subfield>
    <subfield code="s">1263653</subfield>
  </datafield>
  <datafield tag="856" ind1="4" ind2=" ">
    <subfield code="u">http://cds.cern.ch/record/678966/files/bul-pho-2003-022.jpg?subformat=icon-180</subfield>
    <subfield code="x">icon-180</subfield>
    <subfield code="8">541705</subfield>
    <subfield code="s">37987</subfield>
  </datafield>
  <datafield tag="856" ind1="4" ind2=" ">
    <subfield code="u">http://cds.cern.ch/record/678966/files/bul-pho-2003-022.jpg?subformat=icon-640</subfield>
    <subfield code="x">icon-640</subfield>
    <subfield code="8">541705</subfield>
    <subfield code="s">342502</subfield>
  </datafield>
  <datafield tag="859" ind1=" " ind2=" ">
    <subfield code="f">christiane.montarbaud@cern.ch</subfield>
  </datafield>
  <datafield tag="916" ind1=" " ind2=" ">
    <subfield code="s">n</subfield>
    <subfield code="w">200344</subfield>
  </datafield>
  <datafield tag="960" ind1=" " ind2=" ">
    <subfield code="a">81</subfield>
  </datafield>
  <datafield tag="961" ind1=" " ind2=" ">
    <subfield code="c">20040210</subfield>
    <subfield code="h">1053</subfield>
    <subfield code="l">MMD01</subfield>
    <subfield code="x">20031029</subfield>
  </datafield>
  <datafield tag="963" ind1=" " ind2=" ">
    <subfield code="a">PUBLIC</subfield>
  </datafield>
  <datafield tag="970" ind1=" " ind2=" ">
    <subfield code="a">000014162MMD</subfield>
  </datafield>
  <datafield tag="980" ind1=" " ind2=" ">
    <subfield code="a">PHOTOLAB</subfield>
  </datafield>
</record>
<record>
  <controlfield tag="001">834134</controlfield>
  <controlfield tag="003">SzGeCERN</controlfield>
  <controlfield tag="005">20160115200947.0</controlfield>
  <datafield tag="024" ind1="8" ind2=" ">
    <subfield code="a">oai:cds.cern.ch:834134</subfield>
    <subfield code="p">cerncds:FULLTEXT</subfield>
  </datafield>
  <datafield tag="037" ind1=" " ind2=" ">
    <subfield code="a">BUL-PHO-2005-010</subfield>
  </datafield>
  <datafield tag="245" ind1=" " ind2=" ">
    <subfield code="a">Building 904, where the short straight sections are being assembled, is often called "Legoland" by the workers because of the wide variety of these sets of magnets and cryostats.</subfield>
  </datafield>
  <datafield tag="246" ind1=" " ind2="1">
    <subfield code="a">Le bâtiment 904, où les sections droites courtes sont assemblées, est souvent appelé "Legoland" par le personnel en raison de la grande variété de ces ensembles d'aimants et de cryostats.</subfield>
  </datafield>
  <datafield tag="260" ind1=" " ind2=" ">
    <subfield code="c">2005</subfield>
  </datafield>
  <datafield tag="269" ind1=" " ind2=" ">
    <subfield code="c">01 Apr 2005</subfield>
  </datafield>
  <datafield tag="500" ind1=" " ind2=" ">
    <subfield code="a">BUL Collection. Not available in CERN central Photo Lab.</subfield>
  </datafield>
  <datafield tag="520" ind1=" " ind2=" ">
    <subfield code="a">Très peu de gens se doutent probablement du travail assidu qui s'exécute au bâtiment 904 de Prévessin. Un hall de 2000 m2, ancien atelier d'usinage situé à l'arrière du bâtiment, a été rénové et aménagé pour l'assemblage des 474 sections droites courtes (SSS) requises pour le LHC. Depuis que le site est devenu opérationnel, en janvier 2004, la cadence de production s'est progressivement accélérée et la 100e section droite courte a été terminée la semaine dernière.</subfield>
  </datafield>
  <datafield tag="542" ind1=" " ind2=" ">
    <subfield code="d">CERN</subfield>
    <subfield code="g">2005</subfield>
  </datafield>
  <datafield tag="590" ind1=" " ind2=" ">
    <subfield code="a">Probably very few people are aware of the hard work going on in building 904 in Prévessin. A 2000 m2 hall, formerly a machining workshop, at the rear of the building has been refurbished and organised for the assembly of the 474 short straight sections (SSS) needed for the LHC. Since the site became operational in January 2004, the production rate has gradually ramped up and last week the 100th SSS was finished.</subfield>
  </datafield>
  <datafield tag="595" ind1=" " ind2=" ">
    <subfield code="a">CERN EDS</subfield>
  </datafield>
  <datafield tag="650" ind1="1" ind2="7">
    <subfield code="2">SzGeCERN</subfield>
    <subfield code="a">Sites and Aerial Views</subfield>
  </datafield>
  <datafield tag="653" ind1="1" ind2=" ">
    <subfield code="9">CERN</subfield>
    <subfield code="a">magnets</subfield>
  </datafield>
  <datafield tag="653" ind1="1" ind2=" ">
    <subfield code="9">CERN</subfield>
    <subfield code="a">cryostats</subfield>
  </datafield>
  <datafield tag="653" ind1="1" ind2=" ">
    <subfield code="9">CERN</subfield>
    <subfield code="a">aimants</subfield>
  </datafield>
  <datafield tag="653" ind1="1" ind2=" ">
    <subfield code="9">CERN</subfield>
    <subfield code="a">bulletin</subfield>
  </datafield>
  <datafield tag="653" ind1="1" ind2=" ">
    <subfield code="9">CERN</subfield>
    <subfield code="a">hall</subfield>
  </datafield>
  <datafield tag="773" ind1=" " ind2=" ">
    <subfield code="p">CERN weekly bulletin 16/2005</subfield>
    <subfield code="u">http://cdsweb.cern.ch/search.py?recid=832479</subfield>
  </datafield>
  <datafield tag="773" ind1=" " ind2=" ">
    <subfield code="p">CERN Courier vol 47 no 1 : January/February 2007</subfield>
    <subfield code="u">http://cerncourier.com/main/article/47/1/30</subfield>
  </datafield>
  <datafield tag="773" ind1=" " ind2=" ">
    <subfield code="p">CERN Press Release 02/07 : 28 mars 2007</subfield>
    <subfield code="u">http://press.web.cern.ch/press/PressReleases/Releases2007/PR02.07F.html</subfield>
  </datafield>
  <datafield tag="856" ind1="4" ind2=" ">
    <subfield code="q">http://documents.cern.ch/photo/photo-bul/icon-bul-pho-2005-010.gif</subfield>
    <subfield code="x">icon</subfield>
  </datafield>
  <datafield tag="856" ind1="4" ind2=" ">
    <subfield code="q">http://documents.cern.ch/cgi-bin/setlink?base=PHO&amp;categ=photo-bul&amp;id=bul-pho-2005-010</subfield>
    <subfield code="x">1</subfield>
    <subfield code="y">Access to the pictures</subfield>
  </datafield>
  <datafield tag="856" ind1="4" ind2=" ">
    <subfield code="u">http://cds.cern.ch/record/834134/files/bul-pho-2005-010.jpg</subfield>
    <subfield code="y">Access to the pictures</subfield>
    <subfield code="8">541923</subfield>
    <subfield code="s">977722</subfield>
  </datafield>
  <datafield tag="856" ind1="4" ind2=" ">
    <subfield code="u">http://cds.cern.ch/record/834134/files/bul-pho-2005-010.gif?subformat=icon</subfield>
    <subfield code="x">icon</subfield>
    <subfield code="8">541923</subfield>
    <subfield code="s">24001</subfield>
  </datafield>
  <datafield tag="856" ind1="4" ind2=" ">
    <subfield code="u">http://cds.cern.ch/record/834134/files/bul-pho-2005-010.jpg?subformat=icon-1440</subfield>
    <subfield code="x">icon-1440</subfield>
    <subfield code="8">541923</subfield>
    <subfield code="s">444014</subfield>
  </datafield>
  <datafield tag="856" ind1="4" ind2=" ">
    <subfield code="u">http://cds.cern.ch/record/834134/files/bul-pho-2005-010.jpg?subformat=icon-180</subfield>
    <subfield code="x">icon-180</subfield>
    <subfield code="8">541923</subfield>
    <subfield code="s">24529</subfield>
  </datafield>
  <datafield tag="856" ind1="4" ind2=" ">
    <subfield code="u">http://cds.cern.ch/record/834134/files/bul-pho-2005-010.jpg?subformat=icon-640</subfield>
    <subfield code="x">icon-640</subfield>
    <subfield code="8">541923</subfield>
    <subfield code="s">131019</subfield>
  </datafield>
  <datafield tag="859" ind1=" " ind2=" ">
    <subfield code="f">christiane.montarbaud@cern.ch</subfield>
  </datafield>
  <datafield tag="916" ind1=" " ind2=" ">
    <subfield code="s">n</subfield>
    <subfield code="w">200517</subfield>
  </datafield>
  <datafield tag="960" ind1=" " ind2=" ">
    <subfield code="a">81</subfield>
  </datafield>
  <datafield tag="961" ind1=" " ind2=" ">
    <subfield code="c">20070404</subfield>
    <subfield code="h">1528</subfield>
    <subfield code="l">MMD01</subfield>
    <subfield code="x">20050428</subfield>
  </datafield>
  <datafield tag="963" ind1=" " ind2=" ">
    <subfield code="a">PUBLIC</subfield>
  </datafield>
  <datafield tag="970" ind1=" " ind2=" ">
    <subfield code="a">000035071MMD</subfield>
  </datafield>
  <datafield tag="980" ind1=" " ind2=" ">
    <subfield code="a">PHOTOLAB</subfield>
  </datafield>
</record>

</collection>